All US Destroyers - Statistics

General Stats
  • This quiz has been taken 2 times
  • The average score is 104 of 1057
Answer Stats
Class Type Hint Answer % Correct
Arleigh Burke Guided-missile destroyer Currently in active service since 4 July 1991 Arleigh Burke
100%
Zumwalt Guided-missile / Stealth destroyer Currently in active service since 15 October 2016 Zumwalt
100%
Fletcher Destroyer Sunk by a kamikaze attack on 1 November 1944 Abner Read
50%
Gearing Destroyer Cancelled on 12 September 1946 Abner Read
50%
Allen M. Sumner / Robert H. Smith Destroyer minelayer Originally laid down as an Allen M. Sumner-class destroyer, completed as a Robert H. Smith-class destroyer minelayer, reclassified as a fast minelayer in 1969 under the designation MMD-27, sold for scrap on 16 December 1971 Adams
50%
Fletcher Destroyer Sold for scrap on 30 May 1972 Albert W. Grant
50%
Sampson Destroyer Sold for scrap on 26 September 1946 Allen
50%
Allen M. Sumner Destroyer Sold for scrap on 16 October 1974 Allen M. Sumner
50%
Sims Destroyer Sunk by a nuclear bomb test on 1 July 1946 Anderson
50%
Aylwin Destroyer Decommissioned in 1914, recommissioned in 1915, sold for scrap on 23 April 1935 Aylwin
50%
Farragut (1934) Destroyer Sold for scrap on 20 December 1946 Aylwin
50%
Wickes Destroyer Decommissioned in 1922, renamed USS Doran in 1939, recommissioned in 1940, transferred to the Royal Navy in the same year and renamed HMS St. Mary, sold for scrap in February 1944 Bagley
50%
Bagley Destroyer Sold for scrap on 3 October 1947 Bagley
50%
Clemson Destroyer Transferred to the Royal Navy in 1940 and renamed HMS Reading, sold for scrap in July 1945 Bailey
50%
Benson Destroyer Sunk as a target ship on 4 November 1969 Bailey
50%
Bainbridge Torpedo Boat Destroyer Decommissioned in 1907, recommissioned in 1908, decommissioned again in 1912, recommissioned again in 1913, sold for mercantile service on 3 January 1920 Bainbridge
50%
Clemson Destroyer Decommissioned in 1930, recommissioned in 1933, decommissioned again in 1937, recommissioned again in 1939, sold for scrap on 30 November 1945 Bainbridge
50%
Arleigh Burke Guided-missile destroyer Currently in active service since 12 November 2005 Bainbridge
50%
Aylwin Destroyer Sold for scrap on 23 April 1935 Benham
50%
Benham Destroyer Torpedoed and sunk by the Japanese destroyer Uranami on 15 November 1942 Benham
50%
Fletcher Destroyer Decommissioned in 1947, recommissioned in 1951, transferred to the Brazilian Navy in 1961 and renamed CT Paraná, sold for scrap in 1982 Benham
50%
Fletcher Destroyer Transferred to the Japanese Navy in 1959 and renamed JDS Ariake, sold for scrap in 1976 Bennion
50%
Benson Destroyer Transferred to the Republic of China Navy in 1954 and renamed ROCS Lo Yang, sold for scrap in 1974 Benson
50%
Fletcher Destroyer Sold for scrap on 2 January 1974 Black
50%
Fletcher Destroyer Decommissioned in 1946, recommissioned in 1950, transferred to the Hellenic Navy in 1962 and renamed HS Navarinon, sold for scrap in 1981 Brown
50%
Wickes Destroyer Decommissioned in 1922, recommissioned in 1930, decommissioned again in 1937, recommissioned again in 1939, transferred to the Royal Navy in 1940 and renamed HMS Campbeltown, sunk by an explosion on 28 March 1942 Buchanan
50%
Gleaves Destroyer One of the most decorated U.S. Naval vessels of WW2: 16 battle stars, transferred to the Turkish navy in 1949 and renamed TCG Gelibolu, sold for scrap in 1976 Buchanan
50%
Charles F. Adams Guided-missile destroyer Sunk as a target ship on 14 June 2000 Buchanan
50%
Paulding Destroyer Transferred to the U.S. Coast Guard in 1924 under the designation CG-10, returned to the U.S. Navy in 1931, sold for scrap on 22 August 1934 Burrows
50%
Caldwell Destroyer Sold for scrap on 30 June 1936 Caldwell
50%
Benson Destroyer Sold for scrap on 4 November 1966 Caldwell
50%
Cassin Destroyer Transferred to the U.S. Coast Guard in 1924 under the designation CG-1, returned to the U.S. Navy in 1933, sold for scrap on 22 August 1934 Cassin
50%
Mahan Destroyer Decommissioned in 1941, recommissioned in 1943, sold for scrap on 25 November 1947 Cassin
50%
Fletcher Destroyer Decommissioned in 1946, recommissioned in 1951, currently preserved as a museum ship since 1981 Cassin Young
50%
Charles F. Adams Guided-missile destroyer Reclassified as a guided-missile destroyer in 1957 under the designation DDG-2, sold for scrap on 2 July 2021 Charles F. Adams
50%
Porter Destroyer Sold for scrap on 29 March 1946 Clark
50%
Clemson Destroyer Decommissioned in 1922, reclassified as a small seaplane tender in 1939 under the designation AVP-17, recommissioned in 1940, sold for scrap on 21 November 1946 Clemson
50%
Allen M. Sumner Destroyer Torpedoed and sunk by the Japanese destroyer Take on 3 December 1944 Cooper
50%
Spruance Guided-missile destroyer Sunk as a target ship on 11 July 2008 David R. Ray
50%
Fletcher Destroyer Transferred to the Spanish Navy in 1957 and renamed Almirante Ferrándiz, sold for scrap in 1987 David W. Taylor
50%
Sampson Destroyer Transferred to the U.S. Coast Guard in 1926 under the designation CG-21, returned to the U.S. Navy in 1933, sold for scrap on 22 August 1934 Davis
50%
Somers Destroyer Sold for scrap on 24 November 1947 Davis
50%
Forrest Sherman Destroyer Sold for scrap on 11 December 1992 Davis
50%
Arleigh Burke Guided-missile destroyer Currently in active service since 26 September 2020 Delbert D. Black
50%
Arleigh Burke Guided-missile destroyer Currently in active service since 4 December 1998 Donald Cook
50%
Clemson Destroyer Transferred to the Royal Navy in 1940 and renamed HMS Buxton, transferred again to the Royal Canadian Navy under the same name, sold for scrap on 21 March 1946 Edwards
50%
Gleaves Destroyer Sold for scrap on 25 May 1973 Edwards
50%
Arleigh Burke Guided-missile destroyer Construction authorized on 15 November 2023 Ernest E. Evans
50%
Wickes Destroyer Decommissioned in 1922, recommissioned in 1930, decommissioned again in 1937, recommissioned again in 1939, transferred to the Royal Navy in 1940 and renamed HMS Mansfield, transferred to the Royal Norwegian Navy the same year, sold for scrap in 1945 Evans
50%
Fletcher Destroyer Sold for scrap on 11 February 1947 Evans
50%
Clemson Destroyer Sold for scrap on 31 October 1930 Farragut
50%
Farragut (1934) Destroyer Sold for scrap on 14 August 1947 Farragut
50%
Farragut (1958) Guided-missile destroyer Reclassified as a guided-missile destroyer in 1975 under the designation DDG-37, sold for scrap on 26 September 2006 Farragut
50%
Arleigh Burke Guided-missile destroyer Currently in active service since 10 June 2006 Farragut
50%
Fletcher Destroyer One of the most decorated U.S. Naval vessels of WW2: 15 battle stars, decommissioned in 1947, redommissioned in 1949 and reclassified as an escort destroyer under the designation DDE-445, sold for scrap on 22 February 1972 Fletcher
50%
Spruance Guided-missile destroyer Sunk as a target ship on 16 July 2008 Fletcher
50%
Gleaves Destroyer Reclassified as a high-speed minesweeper in 1944 under the designation DMS-24, sold for scrap on 20 November 1946 Forrest
50%
Forrest Sherman Destroyer Sold for scrap on 15 December 2014 Forrest Sherman
50%
Arleigh Burke Guided-missile destroyer Currently in active service since 28 January 2006 Forrest Sherman
50%
Allen M. Sumner Destroyer Decommissioned in 1949, recommissioned in 1950, bow sunk in a collision with the Australian aircraft carrier HMAS Melbourne in 1969, stern sunk as a target on 10 October of the same year Frank E. Evans
50%
Fletcher Destroyer Sold for scrap on 22 February 1977 Gatling
50%
Gearing Destroyer Sold for scrap on 6 November 1974 Gearing
50%
Arleigh Burke Guided-missile destroyer Launched on 1 April 2026 George M. Neal
50%
Gleaves Destroyer Sold for scrap on 29 June 1972 Gleaves
50%
Clemson Destroyer Sold for scrap on 19 September 1922 Graham
50%
Wickes Destroyer Sold for scrap on 19 April 1939 Gridley
50%
Gridley Destroyer Sold for scrap on 20 August 1947 Gridley
50%
Arleigh Burke Guided-missile destroyer Currently in active service since 10 February 2007 Gridley
50%
Fletcher Destroyer Transferred to the Hellenic Navy in 1959 and renamed HS Lonchi, sold for scrap in 1997 Hall
50%
Fletcher Destroyer Transferred to the Mexican Navy in 1970 and renamed ARM Cuauhtémoc, sold for scrap in 1982 Harrison
50%
Spruance Guided-missile destroyer Sunk as a target ship on 15 July 2004 Harry W. Hill
50%
Charles F. Adams Guided-missile destroyer Reclassified as a guided-missile destroyer in 1957 under the designation DDG-7, sunk as a target ship on 15 August 2003 Henry B. Wilson
50%
Gearing Destroyer Transferred to the Brazilian Navy in 1973 and renamed CT Marcilio Dias, sunk as a target ship on 26 March 1996 Henry W. Tucker
50%
Gearing Destroyer Reclassified as a radar picket destroyer in 1949 under the designation DDR-833, transferred to the Republic of China Navy in 1974 and renamed ROCS Han Yang, reclassified as a guided-missile destroyer in the mid-1980's, sunk as an artificial reef in 1999 Herbert J. Thomas
50%
Fletcher Destroyer Transferred to the Japanese Navy in 1959 and renamed JDS Yūgure, returned to the U.S. Navy in 1974, sold for scrap on 1 July 1976 Heywood L. Edwards
50%
Benson Destroyer Transferred to the Republic of China Navy in 1954 and renamed ROCS Han Yang, sold for scrap in 1974 Hilary P. Jones
50%
Wickes Destroyer Decommissioned in 1922, recommissioned in 1940 and reclassified as a high-speed minesweeper under the designation DMS-7, sold for scrap on 14 June 1946 Howard
50%
Arleigh Burke Guided-missile destroyer Currently in active service since 20 October 2001 Howard
50%
Bainbridge Torpedo Boat Destroyer Sold for scrap on 5 January 1921 Hull
50%
Clemson Destroyer Sold for scrap on 10 June 1931 Hull
50%
Farragut (1934) Destroyer Sunk by a storm on 18 December 1944 Hull
50%
Forrest Sherman Destroyer Sunk as a weapons test platform on 7 April 1998 Hull
50%
Clemson Destroyer Reclassified as a high-speed transport in 1942 under the designation APD-12, sold for scrap on 26 August 1946 Humphreys
50%
Tucker Destroyer Torpedoed and sunk by the German submarine U-53 on 6 December 1917 Jacob Jones
50%
Wickes Destroyer Decommissioned in 1922, recommissioned in 1930, torpedoed and sunk by the German submarine U-578 on 28 February 1942 Jacob Jones
50%
Arleigh Burke Guided-missile destroyer Currently in active service since 11 December 2004 James E. Williams
50%
Clemson Destroyer Sold for scrap on 16 March 1939 James K. Paulding
50%
Clemson Destroyer Sold for scrap on 30 November 1945 John D. Edwards
50%
Charles F. Adams Guided-missile destroyer Reclassified as a guided-missile destroyer in 1957 under the designation DDG-3, sold for scrap on 10 February 1999 John King
50%
Forrest Sherman Destroyer Reclassified as a guided-missile destroyer in 1967 under the designation DDG-32, sunk as a target ship on 31 January 2001 John Paul Jones
50%
Arleigh Burke Guided-missile destroyer Currently in active service since 18 December 1993 John Paul Jones
50%
Fletcher Destroyer Transferred to the Mexican Navy in 1970 and renamed ARM Cuitláhuac, sold for scrap in 2011 John Rodgers
50%
Spruance Guided-missile destroyer Sold for scrap on 30 December 2006 John Rodgers
50%
Spruance Guided-missile destroyer Sunk as a target ship on 13 April 2004 John Young
50%
Gearing Destroyer Currently preserved as a museum ship since 1 July 1973 Joseph P. Kennedy Jr.
50%
Clemson Destroyer Sold for scrap on 23 April 1932 Kennedy
50%
Gearing Destroyer Reclassified as a radar picket destroyer in 1953 under the designation DDR-713, sold to the Iranian Navy and cannibalized for spare parts on 13 January 1975 Kenneth D. Bailey
50%
Fletcher Destroyer Decommissioned in 1946, recommissioned in 1951, currently preserved as a museum ship since 1982 Kidd
50%
Kidd Guided-missile destroyer Transferred to the Republic of China Navy in 2003 and renamed ROCS Tso Ying, currently in active service Kidd
50%
Arleigh Burke Guided-missile destroyer Currently in active service since 9 June 2007 Kidd
50%
Clemson Destroyer Sold for scrap on 29 September 1946 King
50%
Farragut (1958) Guided-missile destroyer Reclassified as a guided-missile destroyer in 1975 under the designation DDG-41, sold for scrap on 15 April 1994 King
50%
Gleaves Destroyer Reclassified as a high-speed minesweeper in 1945 under the designation DMS-40, sunk as a target ship on 27 October 1967 Knight
50%
Gearing Destroyer Transferred to the Republic of China Navy in 1978 and renamed ROCS Lai Yang, reclassified as a guided-missile destroyer in the mid-1980's under the designation DDG-926, sunk as an artificial reef on 11 April 2003 Leonard F. Mason
50%
Gearing Destroyer Reclassified as an escort destroyer in 1950 under the designation DDE-764, transferred to the Republic of China Navy in 1972 and renamed ROCS Dang Yang, reclassified as a guided-missile destroyer in the mid-1980's under the designation DDG-911, sunk as an artificial reef on 31 October 2002 Lloyd Thomas
50%
Arleigh Burke Guided-missile destroyer Launched on 10 October 2025, Louis H. Wilson Jr.
50%
Zumwalt Guided-missile / Stealth destroyer Currently under going sea trials, commissioning expected in 2027 Lyndon B. Johnson
50%
Benson Destroyer Sunk as a target ship on 14 October 1969 Madison
50%
Wickes Destroyer Reclassified as a light minelayer in 1920 under the designation DM-7, sold for scrap on 17 January 1931 Mahan
50%
Mahan Destroyer Scuttled due to damage caused by kamikaze attacks on 7 December 1944 Mahan
50%
Farragut (1958) Guided-missile destroyer Reclassified as a guided-missile destroyer in 1975 under the designation DDG-42, sold for scrap on 31 August 1995 Mahan
50%
Arleigh Burke Guided-missile destroyer Currently in active service since 14 February 1998 Mahan
50%
Clemson Destroyer Decommissioned in 1922, recommissioned in 1939, transferred to the Royal Navy in 1940 and renamed HMS Broadwater, torpedoed and sunk by the German submarine U-101 on 18 October 1941 Mason
50%
Arleigh Burke Guided-missile destroyer Currently in active service since 12 April 2003 Mason
50%
Benson Destroyer Sold for scrap on 8 May 1972 Mayo
50%
Zumwalt Guided-missile / Stealth destroyer Currently in active service since 26 January 2019 Michael Monsoor
50%
Arleigh Burke Guided-missile destroyer Currently in active service since 6 October 2012 Michael Murphy
50%
Fletcher Destroyer Decommissioned in 1945, recommissioned in 1951, sold for scrap on 31 July 1975 Miller
50%
Mitscher Destroyer leader Reclassified as a guided-missile destroyer in 1968 under the designation DDG-35, sold for scrap in July 1980 Mitscher
50%
Arleigh Burke Guided-missile destroyer Currently in active service since 10 December 1994 Mitscher
50%
Benson Destroyer Sold for scrap on 6 October 1972 Murphy
50%
Gleaves Destroyer Sold for scrap on 18 July 1969 Nelson
50%
Gearing Destroyer Reclassified as an escort destroyer in 1950 under the designation DDE-818, transferred to the Republic of Korea Navy in 1977 and renamed ROKS Taejon, decommissioned and presumably sold for scrap in February 2001 New
50%
Norfolk Destroyer leader Cancelled in February 1951 New Haven
50%
Norfolk Destroyer leader Originally laid down as an anti-submarine hunter killer ship under the designation CLK-1, reclassified as a destroyer leader in 1951 under the designation DL-1, sold for scrap on 22 August 1974 Norfolk
50%
Fletcher Destroyer Sold for scrap on 3 December 1973 Norman Scott
50%
O'Brien Destroyer Sold for scrap on 23 April 1935 O'Brien
50%
Sims Destroyer Torpedoed and sunk by the Japanese submarine I-19 on 19 October 1942 O'Brien
50%
Allen M. Sumner Destroyer Sunk as a target ship on 13 July 1972 O'Brien
50%
Spruance Guided-missile destroyer Sunk as a target ship on 9 February 2006 O'Brien
50%
Aylwin Destroyer Sold for scrap on 23 April 1935 Parker
50%
Benson Destroyer Sold for scrap in 1973 Parker
50%
Paulding Destroyer Transferred to the U.S. Coast Guard in 1924 under the designation CG-17, returned to the U.S. Navy in the same year, sold for scrap in 1934 Paulding
50%
Bainbridge Torpedo Boat Destroyer Sold for scrap on 3 January 1920 Paul Jones
50%
Clemson Destroyer Reclassified as miscellaneous auxiliary ship in 1945 under the designation AG-120, sold for scrap on 5 October 1947 Paul Jones
50%
Spruance Guided-missile destroyer Sunk as a target ship on 16 February 2004 Peterson
50%
Wickes Destroyer Decommissioned in 1922, recommissioned in 1930, decommissioned again in 1937, recommissioned again in 1939, transferred to the Royal Navy in 1940 and renamed HMS Lancaster, sold for scrap in 1947 Philip
50%
Fletcher Destroyer Reclassified as an escort destroyer in 1949 under the designation DDE-498, sunk by a storm while on tow to be scrapped on 2 February 1972 Philip
50%
Tucker Destroyer Transferred to the U.S. Coast Guard in 1924 under the designation CG-7, returned to the U.S. Navy in 1933, sold for scrap on 22 August 1934 Porter
50%
Porter Destroyer Torpedoed and scuttled on 26 October 1942 Porter
50%
Fletcher Destroyer Sold for scrap on 21 March 1974 Porter
50%
Arleigh Burke Guided-missile destroyer Currently in active service since 20 March 1999 Porter
50%
Wickes Destroyer Decommissioned in 1922, recommissioned in 1930 and reclassified as a light minelayer under the designation DM-16, decommissioned again in 1937, recommissioned again in 1939 and reclassified again as a miscellaneous auxiliary ship under the designation AG-98, sold for scrap on 21 November 1946 Ramsay
50%
Clemson Destroyer Torpedoed and sunk by the German submarine U-552 on 31 October 1941 Reuben James
50%
Gearing Destroyer Transferred to the Republic of China Navy in 1977 and renamed ROCS Kai Yang, reclassified as a guided-missile destroyer in the mid-1980's under the designation DDG-924, sunk as an artificial reef in 1999 Richard B. Anderson
50%
Forrest Sherman Destroyer Sunk as a target ship on 10 April 1997 Richard S. Edwards
50%
Allen M. Sumner / Robert H. Smith Destroyer minelayer Originally laid down as an Allen M. Sumner-class destroyer, completed as a Robert H. Smith-class destroyer minelayer, removed from the U.S. Navy list in February 1971 Robert H. Smith
50%
Gearing Destroyer Reclassified as an escort destroyer in 1950 under the designation DDE-847, sunk as a target ship on 1 March 1980 Robert L. Wilson
50%
Clemson Destroyer Sold for scrap on 10 June 1931 Robert Smith
50%
Wickes Destroyer Decommissioned in 1922, recommissioned in 1940, transferred to the Royal Navy and renamed HMS Newmarket the same year, sold for scrap in September 1945 Robinson
50%
Fletcher Destroyer Sunk as a target ship on 13 April 1982 Robinson
50%
Clemson Destroyer Transferred to the Royal Navy in 1940 and renamed HMS Sherwood, sold for scrap in 1945 Rodgers
50%
Gearing Destroyer Reclassified as a radar picket destroyer in 1949 under the designation DDR-876, transferred to the Republic of Korea Navy in 1981 and renamed ROKS Jeongju, currently preserved as a museum ship since 2000 Rogers
50%
Fletcher Destroyer Sunk as a target on 26 January 1978 Ross
50%
Arleigh Burke Guided-missile destroyer Currently in active service since 28 June 1997 Ross
50%
Sampson Destroyer Sold for scrap on 8 September 1936 Sampson
50%
Somers Destroyer Sold for scrap on 28 March 1946 Sampson
50%
Charles F. Adams Guided-missile destroyer Sold for scrap on 10 February 2003 Sampson
50%
Arleigh Burke Guided-missile destroyer Currently in active service since 3 November 2007 Sampson
50%
Gearing Destroyer Sunk as a target ship on 14 November 1971 Samuel B. Roberts
50%
Allen M. Sumner Destroyer Transferred to the Republic of China Navy in 1969 and renamed ROCS Heng Yang, reclassified as a guided-missile destroyer in the mid-1980's under the designation DDG-902, sunk as a target ship in 1995 Samuel N. Moore
50%
Kidd Guided-missile destroyer Transferred to the Republic of China Navy in 2003 and renamed ROCS Kee Lung, currently in active service Scott
50%
Sims Destroyer Sunk by Japanese naval aircraft on 7 May 1942 Sims
50%
Smith Destroyer Sold for scrap on 20 December 1921 Smith
50%
Mahan Destroyer Sold for scrap in August 1947 Smith
50%
Clemson Destroyer Damaged beyond repair by a collision with the destroyer USS Whipple, sunk as a target ship on 25 July 1935 Smith Thompson
50%
Clemson Destroyer Sold for scrap on 19 March 1931 Somers
50%
Somers Destroyer Sold for scrap on 16 May 1947 Somers
50%
Forrest Sherman Destroyer Reclassified as a guided-missile destroyer in 1967 under the designation DDG-34, sunk as a target ship on 22 July 1998 Somers
50%
Clemson Destroyer Ran aground and wrecked on 8 September 1923, wreck sold for scrap on 25 September 1925 S. P. Lee
50%
Spruance Guided-missile destroyer Sunk as a target ship on 8 December 2006 Spruance
50%
Arleigh Burke Guided-missile destroyer Currently in active service since 1 October 2011 Spruance
50%
Wickes Destroyer Sold for scrap on 8 September 1936 Stevens
50%
Fletcher Destroyer Sold for scrap on 27 November 1973 Stevens
50%
Bainbridge Torpedo Boat Destroyer Sold for scrap on 3 January 1920 Stewart
50%
Clemson Destroyer Scuttled due to damage caused by Japanese destroyers in 1942, refloated by Japanese forces in the same year and brought into service under the designation Patrol Boat No.102, ceded to the U.S. Navy in 1945, sunk as a target ship on 24 May 1946 Stewart
50%
Clemson Destroyer Sold for scrap on 12 June 1934 Sumner
50%
Wickes Destroyer Decommissioned in 1922, recommissioned in 1930, sold for scrap in August 1945 Taylor
50%
Fletcher Destroyer Reclassified as an escort destroyer in 1950 under the designation DDE-468, transferred to the Italian Navy in 1969 and renamed Lanciere, cannibalized for spare parts in January 1971 Taylor
50%
Arleigh Burke Guided-missile destroyer Launched on 15 August 2023, Ted Stevens
50%
Wickes Destroyer Decommissioned in 1922, recommissioned in 1940, transferred to the Royal Navy in the same year and renamed HMS St. Albans, transferred again to the Royal Norwegian Navy in 1941 under the same name, transferred again to the Soviet Navy in 1944 and renamed Dostoyny, sold for scrap on 28 February 1949 Thomas
50%
Clemson Destroyer Sunk as a target ship in February 1944 Thompson
50%
Gleaves Destroyer Reclassified as a high-speed minesweeper in 1945 under the designation DMS-38, sold for scrap on 7 August 1972 Thompson
50%
Truxtun Destroyer Reclassified as a merchant ship in 1920, scrapped in 1956 Truxtun
50%
Clemson Destroyer Ran aground and broke apart on 18 February 1942 Truxtun
50%
Arleigh Burke Guided-missile destroyer Currently in active service since 25 April 2009 Truxtun
50%
Tucker Destroyer Transferred to the U.S. Coast Guard in 1926 under the designation CG-23, returned to the U.S. Navy in 1933, sold for scrap on 10 December 1936 Tucker
50%
Mahan Destroyer Scuttled due to damage caused by a mine on 4 August 1942 Tucker
50%
Clemson Destroyer Reclassified as a water lighter in 1936 under the designation YW-56, reclassified again as a miscellaneous auxiliary ship in 1943 and renamed USS Moosehead, sold for scrap on 20 February 1947 Turner
50%
Gleaves Destroyer Sunk by internal explosions on 3 January 1944 Turner
50%
Paulding Destroyer Renamed DD-416 in 1933, sold for scrap on 23 April 1935 Walke
50%
Sims Destroyer Sunk by gunfire from the Japanese cruiser Nagara and the destroyers Ayanami and Uranami on 15 November 1942 Walke
50%
Allen M. Sumner Destroyer Sold for scrap on 16 April 1975 Walke
50%
Wickes Destroyer Reclassified as a damage control hulk in 1940 under the designation DCH-1, scuttled on 28 December 1941 Walker
50%
Fletcher Destroyer Transferred to the Italian Navy in 1969 and renamed Fante, sold for scrap in 1977 Walker
50%
Wickes Destroyer Decommissioned in 1922, recommissioned in 1930, reclassified as a high-speed transport in 1942 under the designation APD-8, sold for scrap on 10 May 1946 Waters
50%
Wickes Destroyer Decommissioned in 1922, recommissioned in 1930, decommissioned again in 1937, recommissioned again in 1939, transferred to the Royal Navy in 1940 and renamed HMS Montgomery, sold for scrap in 1945 Wickes
50%
Fletcher Destroyer Sunk as a target ship on 8 April 1974 Wickes
50%
Fletcher Destroyer Sunk by kamikaze attacks on 10 June 1945 William D. Porter
50%
Clemson Destroyer Sold for scrap on 25 February 1932 William Jones
50%
Wickes Destroyer Decommissioned in 1922, recommissioned in 1939, transferred to the Royal Canadian Navy in 1940 and renamed HMCS St. Clair, sold for scrap on 6 October 1946 Williams
50%
Mitscher Destroyer leader Sold for scrap on 18 May 1973 Willis A. Lee
50%
Benham Destroyer Scuttled due to damage caused by nuclear bomb tests on 8 March 1948 Wilson
50%
Gearing Destroyer Cancelled on 11 February 1946 Woodrow R. Thompson
50%
Clemson Destroyer Ran aground and wrecked on 8 September 1923, wreck sold for scrap on 25 September 1925 Young
50%
Fletcher Destroyer Sunk as a target ship on 6 March 1970 Young
50%
Wickes Destroyer Decommissioned in 1922, recommissioned in 1930, decommissioned again in 1937, recommissioned again in 1939, transferred to the Royal Navy in 1940 and renamed HMS Castleton, sold for scrap in January 1947 Aaron Ward
0%
Gleaves Destroyer Sunk by Japanese bomber aircraft on 7 April 1943 Aaron Ward
0%
Allen M. Sumner / Robert H. Smith Destroyer minelayer Sold for scrap in July 1946 Aaron Ward
0%
Wickes Destroyer Decommissioned in 1922, recommissioned in 1940, transferred to the Royal Navy in the same year and renamed HMS Charlestown, sold for scrap in 1947 Abbot
0%
Fletcher Destroyer Sold for scrap on 31 July 1975 Abbot
0%
Clemson Destroyer Decommissioned in 1922, recommissioned in 1928, decommissioned again in 1930, transferred to the U.S. Coast Guard in 1930 under the designation CG-15, returned to the U.S. Navy in 1934, transferred again to the Royal Navy in 1940 and renamed HMS Clare, sold for scrap in 1947 Abel P. Upshur
0%
Gearing Destroyer Sunk as a target ship on 18 July 1982 Agerholm
0%
Clemson Destroyer Decommissioned in 1923, recommissioned in 1930, sold for scrap on 30 November 1945 Alden
0%
Allen M. Sumner Destroyer Decommissioned in 1949, recommissioned in 1950, sunk as a target ship on 12 October 1979 Alfred A. Cunningham
0%
Paulding Destroyer Transferred to the U.S. Coast Guard in 1924 under the designation CG-8, returned to the U.S. Navy in 1931, sold for scrap in 1934 Ammen
0%
Fletcher Destroyer Sold for scrap on 20 April 1961 Ammen
0%
Wickes Destroyer Reclassified as a light minelayer in 1920 under the designation DM-12, sunk as a target ship on 22 July 1937 Anthony
0%
Fletcher Destroyer Transferred to the West German Navy in 1958 and renamed Zerstörer 1, sunk as a target ship on 16 May 1979 Anthony
0%
Gearing Destroyer Transferred to the Hellenic Navy in 1974 and renamed HS Sachtouris, scrapped in 2002 Arnold J. Isbell
0%
Spruance Guided-missile destroyer Sunk as an artificial reef on 10 August 2011 Arthur W. Radford
0%
Clemson Destroyer Transferred to the Royal Navy in 1940 and renamed HMS Burnham, sold for scrap in March 1947 Aulick
0%
Fletcher Destroyer Transferred to the Hellenic Navy in 1959 and renamed HS Sfendoni, sold for scrap in 1997 Aulick
0%
Allen M. Sumner Destroyer Sold for scrap on 30 April 1974 Ault
0%
Wickes Destroyer Decommissioned in 1922, recommissioned in 1930, reclassified as a miscellaneous auxiliary ship in 1945 under the designation AG-102, sold for scrap on 5 June 1946 Babbitt
0%
Fletcher Destroyer Reclassified as an escort destroyer in 1950 under the designation DDE-470, ran aground and scrapped on 6 February 1968 Bache
0%
Wickes Destroyer Decommissioned in 1922, recommissioned in 1930, sold for scrap on 30 November 1945 Badger
0%
Aylwin Destroyer Sold for scrap on 23 April 1935 Balch
0%
Porter Destroyer Sold for scrap in 1946 Balch
0%
Gleaves Destroyer Scuttled due to damage caused by grounding on 5 June 1961 Baldwin
0%
Clemson Destroyer Reclassified as a seaplane tender destroyer in 1940 under the designation AVD-10, sold for scrap on 23 May 1946 Ballard
0%
Clemson Destroyer Transferred to the Royal Navy in 1940 and renamed HMS St. Francis, sunk while on tow to be scrapped on 14 July 1945 Bancroft
0%
Benson Destroyer Sold for scrap in 1973 Bancroft
0%
Clemson Destroyer Sold for scrap on 30 November 1945 Barker
0%
Wickes Destroyer Decommissioned in 1922, recommissioned in 1930, reclassified as a miscellaneous auxiliary ship in 1945 under the designation AG-113, sold for scrap on 13 October 1946 Barney
0%
Charles F. Adams Guided-missile destroyer Reclassified as a guided-missile destroyer in 1957 under the designation DDG-6, sold for scrap on 22 February 2006 Barney
0%
Bainbridge Torpedo Boat Destroyer Decommissioned and recommissioned in 1908, decommissioned again in 1912, recommissioned again in 1913, sold for scrap on 3 January 1920 Barry
0%
Clemson Destroyer Reclassified as a high-speed transport in 1944 under the designation APD-29, sunk by kamikaze attacks on 21 June 1945 Barry
0%
Forrest Sherman Destroyer Sold for scrap on 11 February 2022 Barry
0%
Arleigh Burke Guided-missile destroyer Currently in active service since 12 December 1992 Barry
0%
Benson Destroyer Torpedoed and sunk by the Japanese destroyer Amatsukaze on 13 November 1942 Barton
0%
Allen M. Sumner Destroyer Sunk as a target ship on 8 October 1969 Barton
0%
Gearing Destroyer Completed as a hunter-killer antisubmarine destroyer under the designation DDK-824, reclassified as an escort destroyer in 1948 under the designation DDE-824, sunk in a fleet exercise on 9 April 1982 Basilone
0%
Gearing Destroyer Sunk as a target ship on 17 July 1987 Bausell
0%
Paulding Destroyer Transferred to the U.S. Coast Guard in 1924 under the designation CG-9, returned to the U.S. Navy in 1930, sold for scrap on 22 August 1934 Beale
0%
Fletcher Destroyer Reclassified as an escort destroyer in 1951 under the designation DDE-471, sunk as a target ship on 24 June 1969 Beale
0%
Fletcher Destroyer Sold for scrap on 14 April 1973 Bearss
0%
Gleaves Destroyer Sunk by German bomber aircraft on 6 November 1943 Beatty
0%
Allen M. Sumner Destroyer Transferred to the Venezuelan Navy in 1972 and renamed ARV Carabobo, sold for scrap in 1981 Beatty
0%
Clemson Destroyer Reclassified as a seaplane tender destroyer in 1940 under the designation AVD-8, sold for scrap on 30 November 1945 Belknap
0%
Wickes Destroyer Sold for scrap on 18 April 1939 Bell
0%
Fletcher Destroyer Sunk as a target ship on 11 May 1975 Bell
0%
Arleigh Burke Guided-missile destroyer Currently in active service since 30 March 1996 Benfold
0%
Charles F. Adams Guided-missile destroyer Sunk while on tow to be scrapped on 3 February 2001 Benjamin Stoddert
0%
Gearing Destroyer Reclassified as a radar picket destroyer in 1949 under the designation DDR-807, sold for scrap on 18 April 1975 Benner
0%
Fletcher Destroyer Transferred to the Brazilian Navy in 1959 and renamed CT Paráiba, sold for scrap in 1978 Bennett
0%
Charles F. Adams Guided-missile destroyer Sold to the Hellenic navy in 1992 and renamed HS Themistoklis, sold for scrap on 19 February 2004 Berkeley
0%
Wickes Destroyer Decommissioned in 1922, recommissioned in 1930, sold for scrap on 30 November 1945 Bernadou
0%
Wickes Destroyer Decommissioned in 1922, recommissioned in 1939, reclassified as a miscellaneous auxiliary ship in 1945 under the designation AG-114, sold for scrap on 3 December 1946 Biddle
0%
Forrest Sherman Destroyer Sunk as a target ship on 2 April 2003 Bigelow
0%
Clemson Destroyer Sold for scrap on 17 January 1931 Billingsley
0%
Wickes Destroyer Decommissioned in 1922, recommissioned in 1932, decommissioned again in 1937, recommissioned again in 1939, sold for scrap on 30 November 1945 Blakeley
0%
Forrest Sherman Destroyer Sold for scrap on 11 December 1992 Blandy
0%
Bagley Destroyer Sunk by torpedoes from the Japanese destroyer Kawakaze on 22 August 1942 Blue
0%
Allen M. Sumner Destroyer Sunk as a target ship on 28 April 1977 Blue
0%
Wickes Destroyer Decommissioned in 1922, recommissioned and reclassified as a miscellaneous auxiliary ship in 1931 under the designation AG-19, sold for scrapping on 27 November 1946 Boggs
0%
Gearing Destroyer Reclassified as a radar picket destroyer in 1949 under the designation DDR-881, sold to the Iranian Navy and cannibalized for spare parts in July 1977 Bordelon
0%
Clemson Destroyer Scuttled due to damage caused by ramming the German submarine U-405 on 2 November 1943 Borie
0%
Allen M. Sumner Destroyer Transferred to the Argentinian Navy in 1972 and renamed ARA Hipólito Bouchard, sold for scrap in 1984 Borie
0%
Fletcher Destroyer Transferred to the Turkish Navy in 1969 and renamed TCG Iskenderun, sold for scrap in 1981 Boyd
0%
Benson Destroyer Sunk as a target ship on 3 May 1973 Boyle
0%
Fletcher Destroyer Transferred to the West German Navy in 1959 and renamed Zerstörer 2, transferred again to the Hellenic Navy in 1981 and renamed HS Kimon, sold for scrap in 1993 Bradford
0%
Fletcher Destroyer Transferred to the Argentinian Navy in 1971 and renamed ARA Almirante Domecq Garcia, sunk as a target ship on 7 October 1983 Braine
0%
Clemson Destroyer Decommissioned in 1922, recommissioned in 1939, transferred to the Royal Navy in 1940 and renamed HMS Beverly, torpedoed and sunk by the German submarine U-188 on 11 April 1943 Branch
0%
Clemson Destroyer Sold for scrap on 17 January 1931 Breck
0%
Wickes Destroyer Decommissioned in 1922, recommissioned in 1930, decommissioned again in 1936, recommissioned again in 1939, reclassified as a miscellaneous auxiliary ship in 1945 under the designation AG-112, sold for scrap on 31 October 1946 Breckinridge
0%
Wickes Destroyer Decommissioned in 1922, recommissioned in 1931 and reclassified as a light minelayer under the designation DM-18, sold for scrap on 16 May 1946 Breese
0%
Gearing Destroyer Transferred to the Brazilian Navy in 1973 and renamed CT Mariz e Barros, sunk as a target ship in December 2000 Brinkley Bass
0%
Spruance Guided-missile destroyer Sunk as a target ship on 25 August 2005 Briscoe
0%
Gleaves Destroyer Torpedoed and sunk by the German submarine U-371 on 13 October 1943 Bristol
0%
Allen M. Sumner Destroyer Transferred to the Republic of China Navy in 1974 and renamed ROCS Hua Yang, reclassified as a guided-missile destroyer in 1979 under the designation DDG-903, sunk as a target ship on 3 August 2006 Bristol
0%
Clemson Destroyer Decommissioned in 1931, recommissioned in 1932, decommissioned again in 1938, recommissioned again in 1939, reclassified as a high-speed transport in 1942 under the designation APD-10, sold for scrap on 30 January 1946 Brooks
0%
Clemson Destroyer Decommissioned in 1922, recommissioned in 1930, reclassified as a miscellaneous auxiliary ship in 1945 under the designation AG-96, sold for scrap on 20 November 1946 Broome
0%
Fletcher Destroyer Sunk by Japanese naval aircraft on 26 December 1943 Brownson
0%
Gearing Destroyer Sold for scrap on 10 June 1977 Brownson
0%
Clemson Destroyer Sold for scrap on 23 August 1932 Bruce
0%
Allen M. Sumner Destroyer Transferred to the Republic of China Navy in 1969 and renamed ROCS Hsiang Yang, reclassified as a guided-missile destroyer in the mid-1980's under the designation DDG-901, sold for scrap in 1984 Brush
0%
Fletcher Destroyer Sold for scrap on 17 February 1971 Bryant
0%
Sims Destroyer Torpedoed and sunk by the German submarine U-616 on 9 October 1943 Buck
0%
Allen M. Sumner Destroyer Transferred to the Brazilian Navy in 1973 and renamed CT Alagoas, sold for scrap in 1995 Buck
0%
Arleigh Burke Guided-missile destroyer Currently in active service since 8 December 2001 Bulkeley
0%
Fletcher Destroyer Sold for scrap on 3 December 1973 Bullard
0%
Clemson Destroyer Reclassified as a miscellaneous auxiliary ship in 1944 under the designation AG-86, sold for scrap on 17 February 1947 Bulmer
0%
Wickes Destroyer Reclassified as a seaplane tender in 1921 under the designation DM-11, sold for scrap on 22 April 1932 Burns
0%
Fletcher Destroyer Sunk as a target ship on 20 June 1974 Burns
0%
Wickes Destroyer Sold for scrap on 8 September 1936 Bush
0%
Fletcher Destroyer Sunk by kamikaze attacks on 6 April 1945 Bush
0%
Gleaves Destroyer Reclassified as a high-speed minesweeper in 1944 under the designation DMS-29, sold for scrap on 10 January 1948 Butler
0%
Fletcher Destroyer Sunk by kamikaze attacks on 28 July 1945 Callaghan
0%
Kidd Guided-missile destroyer Transferred to the Republic of China Navy in 2003 and renamed ROCS Su Ao, currently in active service Callaghan
0%
Fletcher Destroyer Sunk as a target ship in the mid-1980's Caperton
0%
Fletcher Destroyer Transferred to the Spanish Navy in 1957 and renamed Lepanto, sold for scrap in 1985 Capps
0%
Arleigh Burke Guided-missile destroyer Currently in active service since 24 June 2023 Carl M. Levin
0%
Gleaves Destroyer Reclassified as a high-speed minesweeper in 1945 under the designation DMS-33, sold for scrap on 7 August 1972 Carmick
0%
Arleigh Burke Guided-missile destroyer Currently in active service since 13 April 1996 Carney
0%
Spruance Guided-missile destroyer Accidentally sunk by explosive tests on 4 December 2002 Caron
0%
Gearing Destroyer Reclassified as an escort destroyer in 1949 under the designation DDE-825, transferred to the Turkish Navy in 1981 and renamed TCG Anittepe, sold for scrap in 1999 Carpenter
0%
Clemson Destroyer Sold for scrap on 17 January 1931 Case
0%
Mahan Destroyer Sold for scrap on 31 December 1947 Case
0%
Gearing Destroyer Cancelled on 11 February 1946 Castle
0%
Arleigh Burke Guided-missile destroyer Currently in active service since 18 October 2003 Chafee
0%
Wickes Destroyer Sunk as an experiment ship on 12 April 1936 Champlin
0%
Benson Destroyer Sold for scrap on 8 May 1972 Champlin
0%
Clemson Destroyer Decommissioned in 1922, recommissioned in 1930, reclassified as a destroyer minesweeper in 1940 under the designation DMS-9, sold for scrap on 18 November 1946 Chandler
0%
Kidd Guided-missile destroyer Transferred to the Republic of China Navy in 2003 and renamed ROCS Ma Kong, currently in active service Chandler
0%
Clemson Destroyer Sold for scrap on 17 January 1931 Charles Ausburn
0%
Fletcher Destroyer Transferred to the West German Navy in 1960 and renamed Zerstörer 6, sold for scrap in October 1968 Charles Ausburne
0%
Benson Destroyer Sunk as a target ship on 26 March 1969 Charles F. Hughes
0%
Gearing Destroyer Transferred to the Turkish Navy in 1973 and renamed TCG Mareşal Fevzi Çakmak, sold for scrap in January 1994 Charles H. Roan
0%
Gearing Destroyer Cancelled on 12 August 1945 Charles H. Roan
0%
Fletcher Destroyer Sold to the Chilean Navy and cannibalized for spare parts on 10 May 1974 Charles J. Badger
0%
Arleigh Burke Guided-missile destroyer Construction authorized on 1 August 2023 Charles J. French
0%
Gearing Destroyer Reclassified as a radar picket destroyer in 1949 under the designation DDR-835, transferred to the Hellenic Navy in 1980 and renamed HS Apostolis, sold for scrap in March 2003 Charles P. Cecil
0%
Gearing Destroyer Sunk as a target ship on 15 November 1981 Charles R. Ware
0%
Allen M. Sumner Destroyer Transferred to the Chilean Navy in 1974 and renamed Ministro Zenteno, sold for scrap in 1990 Charles S. Sperry
0%
Fletcher Destroyer Transferred to the Hellenic Navy in 1959 and renamed HS Velos, currently preserved as a museum ship since 1994 Charrette
0%
Clemson Destroyer Sold for scrap in 1931 Chase
0%
Bainbridge Torpedo Boat Destroyer Decommissioned in 1902, recommissioned in 1903, decommissioned again in 1905, recommissioned again in 1907, sunk by a collision with the U.S. cargo ship SS Rose on 19 November 1917 Chauncey
0%
Clemson Destroyer Ran aground and wrecked on 8 September 1923, wreck sold for scrap on 25 September 1925 Chauncey
0%
Fletcher Destroyer Transferred to the Turkish Navy in 1967 and renamed TCG İstanbul, sold for scrap in 1987 Chauncey
0%
Fletcher Destroyer Scuttled due to damage caused torpedoes and ramming on 7 October 1943 Chevalier
0%
Gearing Destroyer Reclassified as a radar picket destroyer in 1949 under the designation DDR-805, transferred to the Republic of Korea Navy in 1972 and renamed ROKS Chung Buk, sold for scrap in December 2000 Chevalier
0%
Wickes Destroyer Decommissioned in 1922, recommissioned in 1940, sold for scrap on 4 October 1946 Chew
0%
Clemson Destroyer Reclassified as a small seaplane tender in 1938 under the designation AVP-14, sold for scrap on 23 May 1946 Childs
0%
Arleigh Burke Guided-missile destroyer Currently in active service since 18 September 2004 Chung-Hoon
0%
Fletcher Destroyer Sold for scrap on 31 july 1975 Clarence K. Bronson
0%
Charles F. Adams Guided-missile destroyer Reclassified as a guided-missile destroyer in 1957 under the designation DDG-5, sold for scrap on 5 December 2001 Claude V. Ricketts
0%
Wickes Destroyer Decommissioned in 1922, recommissioned in 1930, transferred to the Royal Navy in 1940 and renamed HMS Salisbury, transferred again to the Royal Canadian Navy in 1942 under the same name, sold for scrap on 26 June 1943 Claxton
0%
Fletcher Destroyer Transferred to the West German Navy in 1959 and renamed Zerstörer 4, sold to Hellenic Navy and cannibalized for spare parts in February 1981 Claxton
0%
Charles F. Adams Guided-missile destroyer Sold for scrap on 17 January 2001 Cochrane
0%
Clemson Destroyer Sold for scrap on 17 January 1931 Coghlan
0%
Benson Destroyer Sold for scrap in 1974 Coghlan
0%
Fletcher Destroyer Transferred to the Turkish Navy in 1969 and renamed TCG Izmit, sold for scrap in 1981 Cogswell
0%
Fletcher Destroyer Sunk as a target ship on 18 December 1966 Colahan
0%
Wickes Destroyer Decommissioned in 1922, recommissioned in 1930, reclassified as a miscellaneous auxiliary ship in 1945 under the designation AG-116, sold for scrap on 6 October 1947 Cole
0%
Arleigh Burke Guided-missile destroyer Currently in active service since 8 June 1996 Cole
0%
Wickes Destroyer Decommissioned in 1922, recommissioned in 1940 and reclassified as a high-speed transport under the designation APD-2, sunk by naval Japanese aircraft on 30 August 1942 Colhoun
0%
Fletcher Destroyer Sunk by kamikaze attacks on 6 April 1945 Colhoun
0%
Allen M. Sumner Destroyer Transferred to the Argentinian Navy in 1975 and renamed ARA Piedrabuena, sunk in a fleet exercise in 1988 Collett
0%
Allen M. Sumner Destroyer Transferred to the Brazilian Navy in 1972 and renamed CT Mato Grosso, sold for scrap in July 1990 Compton
0%
Spruance Guided-missile destroyer Sunk as a target ship on 7 June 2006 Comte de Grasse
0%
Gearing Destroyer Transferred to the Pakistan Navy in 1982 and renamed PNS Alamgir, sold for scrap in 1999 Cone
0%
Caldwell Destroyer Transferred to the Royal Navy in 1940 and renamed HMS Leeds, sold for scrap on 4 March 1947 Conner
0%
Fletcher Destroyer Transferred to the Hellenic Navy in 1959 and renamed HS Aspis, sold for scrap in 1997 Conner
0%
Spruance Guided-missile destroyer Sunk as a target ship on 29 April 2009 Conolly
0%
Clemson Destroyer Sold for scrap on 17 January 1931 Converse
0%
Fletcher Destroyer Transferred to the Spanish Navy in 1959 and renamed Almirante Valdés, sold for scrap in 1988 Converse
0%
Fletcher Destroyer Reclassified as an escort destroyer in 1950 under the designation DDE-507, sunk as a target ship on 26 June 1970 Conway
0%
Fletcher Destroyer Reclassified as an escort destroyer in 1949 under the designation DDE-508, sunk as a target ship on 20 March 1970 Cony
0%
Tucker Destroyer Transferred to the U.S. Coast Guard in 1924 under the designation CG-2, returned to the U.S. Navy in 1933, sold for scrap on 22 August 1934 Conyngham
0%
Mahan Destroyer Sunk by a nuclear bomb test on 2 July 1948 Conyngham
0%
Charles F. Adams Guided-missile destroyer Sold for scrap on 15 April 1994 Conyngham
0%
Farragut (1958) Guided-missile destroyer Reclassified as a guided-missile destroyer in 1975 under the designation DDG-40, sold for scrap on 10 February 1999 Coontz
0%
Clemson Destroyer Partially scrapped on 18 October 1930, hull used as a breakwater the same year Corry
0%
Gleaves Destroyer Sunk by German coastal artillery on 6 June 1944 Corry
0%
Gearing Destroyer Reclassified as a radar picket destroyer in 1953 under the designation DDR-817, transferred to the Hellenic Navy in 1981 and renamed HS Kriezis, sold for scrap on 8 April 2002 Corry
0%
Fletcher Destroyer Transferred to the Argentinian Navy in 1961 and renamed ARA Espora, sold for scrap in 1977 Cotten
0%
Wickes Destroyer Decommissioned in 1922, recommissioned in 1940, transferred to the Royal Navy in the same year and renamed HMS Brighton, transferred again to the Soviet Navy in 1944 and renamed Zharky, sold for scrap on 28 February 1949 Cowell
0%
Fletcher Destroyer Transferred to the Argentinian Navy in 1971 and renamed ARA Almirante Storni, sold for scrap in 1982 Cowell
0%
Gleaves Destroyer Reclassified as a high-speed minesweeper in 1945 under the designation DMS-39, sold for scrap on 22 February 1972 Cowie
0%
Wickes Destroyer Decommissioned in 1922, recommissioned in 1939, sold for scrap on 1 November 1946 Crane
0%
Caldwell Destroyer Transferred to the Royal Navy in 1940 and renamed HMS Lewes, scuttled on 25 May 1946 Craven
0%
Gridley Destroyer Sold for scrap on 2 October 1947 Craven
0%
Wickes Destroyer Decommissioned in 1922, recommissioned in 1939, reclassified as a high-speed transport in 1943 under the designation APD-17, sold for scrap on 23 May 1946 Crosby
0%
Wickes Destroyer Decommissioned in 1922, recommissioned in 1930, decommissioned again in 1937, recommissioned again in 1939, transferred to the Royal Navy in 1940 and renamed HMS Chelsea, transferred again to the Royal Canadian Navy in 1943 under the same name, transferred again to the Soviet Navy in 1944 and renamed Derzky, sold for scrap on 23 June 1949 Crowninshield
0%
Cassin Destroyer Transferred to the U.S. Coast Guard in 1924 under the designation CG-3, returned to the U.S. Navy in 1932, sold for scrap on 22 August 1934 Cummings
0%
Mahan Destroyer Sold for scrap on 17 July 1947 Cummings
0%
Arleigh Burke Guided-missile destroyer Currently in active service since 19 March 1994 Curtis Wilbur
0%
O'Brien Destroyer Sold for scrap on 30 June 1936 Cushing
0%
Mahan Destroyer Sunk by gunfire from the Japanese cruiser Nagara and the destroyer Yukikaze on 13 November 1942 Cushing
0%
Fletcher Destroyer Decommissioned in 1946, recommissioned in 1951, transferred to the Peruvian Navy in 1960 and renamed BAP Villar, sold for scrap in 1980 Cushing
0%
Spruance Guided-missile destroyer Sunk as a target ship on 14 July 2008 Cushing
0%
Clemson Destroyer Decommissioned in 1922, recommissioned in 1932 and reclassified as a miscellaneous auxiliary ship under the designation AG-91, sold for scrap on 17 June 1946 Dahlgren
0%
Farragut (1958) Guided-missile destroyer Reclassified as a guided-missile destroyer in 1975 under the designation DDG-43, sold for scrap on 10 February 1999 Dahlgren
0%
Bainbridge Torpedo Boat Destroyer Sold for scrap on 3 January 1920 Dale
0%
Clemson Destroyer Converted to a commercial cargo ship in 1933 and renamed MV Masaya, sunk by Japanese bomber aircraft on 28 March 1943 Dale
0%
Farragut (1934) Destroyer Sold for scrap on 20 December 1946 Dale
0%
Clemson Destroyer Decommissioned in 1922, recommissioned in 1925, decommissioned again in 1939 and recommissioned again the same year, sold for scrap on 30 November 1945 Dallas
0%
Fletcher Destroyer Decommissioned in 1946, recommissioned in 1951, sold for scrap on 22 April 1976 Daly
0%
Gearing Destroyer Reclassified as an escort destroyer in 1951 under the designation DDE-871, transferred to the Pakistan Navy in 1980, sold for scrap in 1994 Damato
0%
Arleigh Burke Guided-missile destroyer Currently in active service since 8 December 2021 Daniel Inouye
0%
Fletcher Destroyer Sold for scrap on 21 September 1975 Dashiell
0%
Gleaves Destroyer Reclassified as a high-speed minesweeper in 1945 under the designation DMS-37, sold for scrap on 27 August 1973 Davison
0%
Bainbridge Torpedo Boat Destroyer Sold for scrap on 3 January 1920 Decatur
0%
Clemson Destroyer Sold for scrap on 30 November 1945 Decatur
0%
Forrest Sherman Destroyer Sunk in a fleet exercise on 22 July 2004 Decatur
0%
Arleigh Burke Guided-missile destroyer Currently in active service since 28 August 1998 Decatur
0%
Fletcher Destroyer Sunk by Japanese bomber aircraft on 1 February 1943 De Haven
0%
Allen M. Sumner Destroyer Transferred to the Republic of Korea Navy in 1973 and renamed ROKS Incheon, sold for scrap in 1993 De Haven
0%
Wickes Destroyer Sold for scrap on 25 September 1922 DeLong
0%
Clemson Destroyer Ran aground and wrecked on 8 September 1923, wreck sold for scrap on 25 September 1925 Delphy
0%
Gearing Destroyer Reclassified as a radar picket destroyer in 1949 under the designation DDR-808, sold for scrap on 29 April 1974 Dennis J. Buckley
0%
Wickes Destroyer Decommissioned in 1922, recommissioned in 1930, reclassified as a high-speed transport in 1943 under the designation APD-9, ran aground and wrecked on 1 January 1946 Dent
0%
Farragut (1934) Destroyer Sold for scrap on 20 December 1946 Dewey
0%
Farragut (1958) Guided-missile destroyer Reclassified as a guided-missile destroyer in 1975 under the designation DDG-45, sold for scrap on 15 April 1994 Dewey
0%
Arleigh Burke Guided-missile destroyer Currently in active service since 6 March 2010 Dewey
0%
Spruance Guided-missile destroyer Sunk as a target ship on 25 August 2005 Deyo
0%
Wickes Destroyer Decommissioned in 1922, recommissioned in 1930, reclassified as a high-speed transport in 1943 under the designation APD-21, sunk by a kamikaze attack on 4 April 1945 Dickerson
0%
Gleaves Destroyer Reclassified as a high-speed minesweeper in 1945 under the designation DMS-41, sold for scrap on 27 August 1973 Doran
0%
Wickes Destroyer Decommissioned in 1923, recommissioned in 1930, reclassified as a high-speed minesweeper in 1942 under the designation DMS-1, sold for scrap on 30 January 1946 Dorsey
0%
Fletcher Destroyer Sold for scrap on 22 February 1977 Dortch
0%
Allen M. Sumner Destroyer Transferred to the Chilean Navy in 1974 and renamed Ministro Portales, scuttled on 11 November 1998 Douglas H. Fox
0%
Cassin Destroyer Transferred to the U.S. Coast Guard in 1924 under the designation CG-4, returned to the U.S. Navy in 1931, sold for scrap on 22 August 1934 Downes
0%
Mahan Destroyer Sold for scrap on 18 November 1947 Downes
0%
Clemson Destroyer Decommissioned in 1922, recommissioned in 1923, sold for scrap on 20 December 1930 Doyen
0%
Gleaves Destroyer Reclassified as a high-speed minesweeper in 1945 under the designation DMS-34, sold for scrap on 6 October 1972 Doyle
0%
Paulding Destroyer Sold for scrap on 28 June 1935 Drayton
0%
Mahan Destroyer Sold for scrap on 20 December 1946 Drayton
0%
Allen M. Sumner Destroyer Sunk by kamikaze attacks on 28 May 1945 Drexler
0%
Cassin Destroyer Sold for scrap on 8 March 1935 Duncan
0%
Gleaves Destroyer Sunk by gunfire from Japanese warships on 12 October 1942 Duncan
0%
Gearing Destroyer Reclassified as a radar picket destroyer in 1949 under the designation DDR-874, sunk as a target ship on 31 July 1980 Duncan
0%
Mahan Destroyer Sold for scrap on 31 December 1947 Dunlap
0%
Wickes Destroyer Decommissioned in 1922, recommissioned in 1930, decommissioned again in 1937, recommissioned again in 1939, reclassified as a miscellaneous auxiliary ship in 1944 under the designation AG-80, sold for scrap on 12 March 1947 Du Pont
0%
Forrest Sherman Destroyer Sold for scrap on 10 February 1999 Du Pont
0%
Wickes Destroyer Sold for scrap on 8 September 1936 Dyer
0%
Gearing Destroyer Reclassified as a radar picket destroyer in 1949 under the designation DDR-880, sold to the Hellenic Navy and cannibalized for spare parts on 8 July 1981 Dyess
0%
Fletcher Destroyer Transferred to the West German Navy in 1960 and renamed Zerstörer 5, sold to Hellenic Navy and cannibalized for spare parts in February 1982 Dyson
0%
Gleaves Destroyer Reclassified as a high-speed minesweeper in 1945 under the designation DMS-42, sold for scrap in October 1970 Earle
0%
Fletcher Destroyer Sunk as a target ship on 27 March 1970 Eaton
0%
Gleaves Destroyer Transferred to the Hellenic Navy in 1951 and renamed HS Niki, sold for scrap in 1972 Eberle
0%
Gleaves Destroyer Sold for scrap on 29 December 1966 Edison
0%
Clemson Destroyer Sunk by Japanese aircraft along with battleship and cruiser gunfire on 1 March 1942 Edsall
0%
Forrest Sherman Destroyer Currently preserved as a museum ship since 7 May 2013 Edson
0%
Benham Destroyer Sold for scrap on 1 August 1947 Ellet
0%
Wickes Destroyer Decommissioned in 1922, recommissioned in 1930, reclassified as a fast minesweeper in 1940 under the designation DMS-4, sold for scrap on 29 January 1946 Elliot
0%
Spruance Guided-missile destroyer Sunk as a target ship on 25 June 2005 Elliot
0%
Wickes Destroyer Decommissioned in 1922, recommissioned in 1930, decommissioned again in 1936, recommissioned again in 1939, sold for scrap on 17 July 1947 Ellis
0%
Gleaves Destroyer Reclassified as a high-speed minesweeper in 1944 under the designation DMS-19, transferred to the Japanese Navy in 1954 and renamed JDS Asakaze, sold to the Republic of China Navy and cannibalized for spare parts in August 1970 Ellyson
0%
Gleaves Destroyer Reclassified as a high-speed minesweeper in 1944 under the designation DMS-22, scuttled due to damage caused by kamikaze attacks on 7 April 1945 Emmons
0%
Gleaves Destroyer Reclassified as a high-speed minesweeper in 1945 under the designation DMS-35, sold for scrap on 6 October 1970 Endicott
0%
Allen M. Sumner Destroyer Transferred to the Republic of China Navy in 1970 and renamed ROCS Hui Yang, reclassified as a guided-missile destroyer in the mid-1980's under the designation DDG-906, sunk as target on 14 October 2003 English
0%
Gearing Destroyer Reclassified as an escort destroyer in 1948 under the designation DDE-719, transferred to the Pakistan Navy in 1977 and renamed PNS Taimur, sunk as a target ship in March 2000 Epperson
0%
Fletcher Destroyer Transferred to the Republic of Korea Navy in 1963 and renamed ROKS Chung Mu, reclassified as a stationary training ship in 1983, sold for scrap in 1993 Erben
0%
O'Brien Destroyer Transferred to the U.S. Coast Guard in 1924 under the designation CG-5, returned to the U.S. Navy in 1934, sold for scrap on 22 August 1934 Ericsson
0%
Gleaves Destroyer Sunk as a target ship on 17 November 1970 Ericsson
0%
Gearing Destroyer Reclassified as a radar picket destroyer in 1952 under the designation DDR-838, transferred to the Republic of China Navy in 1971 and renamed ROCS Fu Yang, reclassified as a guided-missile destroyer in the mid-1980's under the designation DDG-907, sunk as an artificial reef in 1999 Ernest G. Small
0%
Gearing Destroyer Reclassified as a radar picket destroyer in 1952 under the designation DDR-711, transferred to the Spanish Navy in 1972 and renamed SPS Churruca, sunk as a target ship on 12 December 1991 Eugene A. Greene
0%
Gearing Destroyer Reclassified as a radar picket destroyer in 1949 under the designation DDR-830, transferred to the Republic of Korea Navy in 1972 and renamed ROKS Jeong Buk, sold for scrap in December 2021 Everett F. Larson
0%
Gearing Destroyer Transferred to the Turkish Navy in 1973 and renamed TCG Gayret, currently preserved as a museum ship since 1995 Eversole
0%
Wickes Destroyer Decommissioned in 1922, recommissioned in 1930, transferred to the Royal Navy in 1940 and renamed HMS Richmond, transferred to the Soviet Navy in 1944 and renamed Zhivuchy, sold for scrap on 23 June 1949 Fairfax
0%
Paulding Destroyer Transferred to the U.S. Coast Guard in 1924 under the designation CG-11, returned to the U.S. Navy in 1930, sold for scrap on 2 May 1934 Fanning
0%
Mahan Destroyer Sold for scrap on 6 January 1948 Fanning
0%
Clemson Destroyer Sold for scrap on 10 June 1931 Farenholt
0%
Benson Destroyer Sold for scrap in November 1972 Farenholt
0%
Clemson Destroyer Sold for scrap on 23 April 1932 Farquhar
0%
Gearing Destroyer Sold for scrap on 28 June 1972 Fechteler
0%
Spruance Guided-missile destroyer Sunk as a target ship on 23 August 2005 Fife
0%
Gearing Destroyer Reclassified as a radar picket destroyer in 1952 under the desigation DDR-842, transferred to the Turkish Navy in 1980 and renamed TCG Piyale Pasha, sold for scrap in 1999 Fiske
0%
Gleaves Destroyer Reclassified as a high-speed minesweeper in 1944 under the designation DMS-25, sunk as a target ship on 15 November 1973 Fitch
0%
Arleigh Burke Guided-missile destroyer Currently in active service since 14 October 1995 Fitzgerald
0%
Gearing Destroyer Sold for scrap on 1 April 1974 Floyd B. Parks
0%
Smith Destroyer Sold for scrap on 15 November 1919 Flusser
0%
Clemson Destroyer Sold for scrap on 17 January 1931 Flusser
0%
Mahan Destroyer Sold for scrap on 6 January 1948 Flusser
0%
Wickes Destroyer Decommissioned in 1922, recommissioned in 1940, transferred to the Royal Navy in the same year and renamed HMS Roxborough, transferred again to the Soviet Navy in 1944 and renamed Zhyostky, sold for scrap on 14 May 1949 Foote
0%
Fletcher Destroyer Sold for scrap on 2 January 1974 Foote
0%
Clemson Destroyer Reclassified as a miscellaneous auxiliary ship in 1945 under the designation AG-119, sold for scrap on 5 October 1947 Ford
0%
Gearing Destroyer Transferred to the Turkish Navy in 1971 and renamed TCG Adatepe, sold for scrap in 1993 Forrest Royal
0%
Clemson Destroyer Decommissioned in 1931, recommissioned in 1932, decommissioned again in 1938, recommissioned again in 1939, reclassified as a miscellaneous auxiliary ship in 1944 under the designation AG-85, sold for scrap on 12 November 1946 Fox
0%
Arleigh Burke Guided-missile destroyer Currently in active service since 14 May 2022 Frank E. Petersen Jr.
0%
Gleaves Destroyer Sunk as a target ship on 4 December 1973 Frankford
0%
Gearing Destroyer Reclassified as a radar picket destroyer in 1949 under the designation DDR-742, transferred to the Hellenic Navy 1971 and renamed HS Themistoklis, sunk as a target ship on 12 September 2001 Frank Knox
0%
Fletcher Destroyer Sold for scrap on 1 August 1973 Franks
0%
Benson Destroyer Sold for scrap on 6 October 1972 Frazier
0%
Gearing Destroyer Reclassified as an escort destroyer in 1950 under the designation DDE-858, sunk as an artificial reef on 14 May 1972 Fred T. Berry
0%
Fletcher Destroyer Sunk as a target ship on 7 July 1962 Fullam
0%
Clemson Destroyer Ran aground and wrecked on 8 September 1923, wreck sold for scrap on 25 September 1925 Fuller
0%
Gearing Destroyer Reclassified as a radar picket destroyer in 1949 under the designation DDR-882, transferred to the Spanish Navy in 1978 and renamed SPS Gravina, sold for scrap in 1991 Furse
0%
Allen M. Sumner Destroyer Sold for scrap on 26 March 1974 Gainard
0%
Wickes Destroyer Decommissioned in 1922, recommissioned in 1930 and reclassified as a light minelayer under the designation DM-15, decommissioned again in 1937, recommissioned again in 1939, scuttled on 16 July 1945 Gamble
0%
Benson Destroyer Sunk as a target ship on 23 March 1972 Gansevoort
0%
Clemson Destroyer Decommissioned in 1922, transferred to the U.S. Coast Guard in 1930 under the designation CG-16, returned to the U.S. Navy in 1934, reclassified as a small seaplane tender in 1939 under the designation AVP-16, sold for scrap on 3 June 1946 George E. Badger
0%
Gearing Destroyer Sunk as a target ship on 15 October 1976 George K. MacKenzie
0%
Gleaves Destroyer Reclassified as a high-speed minesweeper in 1944 under the designation DMS-30, sunk as a target ship on 3 June 1973 Gherardi
0%
Benson Destroyer Sunk as a target ship in 1973 Gillespie
0%
Clemson Destroyer Reclassified as a seaplane tender destroyer in 1940 under the designation AVD-12, sold for scrap on 29 January 1946 Gillis
0%
Clemson Destroyer Decommissioned in 1938, recommissioned in 1939, reclassified as a high-speed transport in 1943 under the designation APD-11, sold for scrap on 3 December 1946 Gilmer
0%
Gleaves Destroyer Sunk by a mine and German coastal artillery on 10 June 1944 Glennon
0%
Gearing Destroyer Sunk as a target ship on 26 February 1981 Glennon
0%
Clemson Destroyer Decommissioned in 1931, recommissioned in 1932, sold for scrap on 30 November 1945 Goff
0%
Clemson Destroyer Decommissioned in 1922, reclassified as a small seaplane tender in 1939 under the designation AVP-18, recommissioned in 1940, sold for scrap on 21 November 1946 Goldsborough
0%
Charles F. Adams Guided-missile destroyer Sold to the Royal Australian Navy and cannibalized for spare parts on 17 September 1993 Goldsborough
0%
Arleigh Burke Guided-missile destroyer Currently in active service since 12 October 1996 Gonzalez
0%
Gearing Destroyer Reclassified as a radar picket destroyer in 1949 under the designation DDR-831, sold for scrap on 12 September 1977 Goodrich
0%
Arleigh Burke Guided-missile destroyer Currently in active service since 20 November 2010 Gravely
0%
Gleaves Destroyer Sold for scrap on 12 June 1974 Grayson
0%
Clemson Destroyer Reclassified as a high-speed transport in 1944, ran aground and wrecked in 1945, wreck destroyed on 11 February 1946 Greene
0%
Wickes Destroyer Decommissioned in 1922, recommissioned in 1930, decommissioned again in 1937, recommissioned again in 1939, sold for scrap on 30 November 1945 Greer
0%
Wickes Destroyer Reclassified as a fast transport ship in 1940, sunk by Japanese destroyers on 5 September 1942 Gregory
0%
Fletcher Destroyer Beached and destroyed as a target ship on 4 March 1971 Gregory
0%
Fletcher Destroyer Transferred to the Brazilian Navy in 1959 and renamed CT Pará, sunk as a target ship on 23 February 1983 Guest
0%
Gearing Destroyer Transferred to the Hellenic Navy 1977 and renamed HS Tombazis, laid up and awaiting to be scrapped since January 1998 Gurke
0%
Caldwell Destroyer Sold for scrap on 16 March 1939 Gwin
0%
Gleaves Destroyer Torpedoed and sunk by Japanese destroyers on 13 July 1943 Gwin
0%
Allen M. Sumner / Robert H. Smith Destroyer minelayer Originally laid down as an Allen M. Sumner-class destroyer, completed as a Robert H. Smith-class destroyer minelayer, reclassified as a fast minelayer in 1969 under the designation MMD-33, transferred to the Turkish Navy in 1971 and renamed TCG Muavenet, crippled by missiles from the U.S. fleet carrier USS Saratoga in 1992, wreck sold for scrap in 1993 Gwin
0%
Gearing Destroyer Reclassified as a guided-missile destroyer in 1955 under the designation DDG-1, sunk as a target ship on 11 June 1970 Gyatt
0%
Fletcher Destroyer Sold for scrap on 3 March 1946 Haggard
0%
Fletcher Destroyer Transferred to the Brazilian Navy in 1961 and renamed CT Pernambuco, sunk as a target ship in 1982 Hailey
0%
Wickes Destroyer Decommissioned in 1922, recommissioned in 1930, decommissioned again in 1937, recommissioned again in 1939, transferred to the Royal Navy in 1940 and renamed HMS Caldwell, transferred again to the Royal Canadian Navy in 1943 under the same name, sold for scrap in September 1944 Hale
0%
Fletcher Destroyer Transferred to the Colombian Navy in 1961 and renamed ARC Antioquia, sold for scrap in 1974 Hale
0%
Fletcher Destroyer Sold for scrap on 2 April 1970 Halford
0%
Fletcher Destroyer Sunk by a mine on 26 March 1945 Halligan
0%
Arleigh Burke Guided-missile destroyer Currently in active service since 30 July 2005 Halsey
0%
Fletcher Destroyer Decommissioned in 1946, recommissioned in 1951, transferred to the Republic of Korea Navy in 1968 and renamed ROKS Seoul, sold for scrap in 1989 Halsey Powell
0%
Gleaves Destroyer Reclassified as a high-speed minesweeper in 1944 under the designation DMS-20, sold for scrap on 22 November 1972 Hambleton
0%
Wickes Destroyer Decommissioned in 1922, recommissioned in 1930, reclassified as a fast minesweeper in 1941 under the designation DMS-18, sold for scrap on 21 November 1946 Hamilton
0%
Sims Destroyer Torpedoed and sunk by the Japanese submarine I-168 on 6 June 1942 Hammann
0%
Gearing Destroyer Transferred to the Republic of China Navy in 1980 and renamed ROCS Yun Yang, reclassified as a guided-missile destroyer in the same year under the designation DDG-927, sunk as a target ship on 6 September 2005 Hamner
0%
Allen M. Sumner Destroyer Transferred to the Argentinian Navy in 1972 and renamed ARA Segui, sold for scrap in 1983 Hank
0%
Gearing Destroyer Reclassified as a radar picket destroyer in 1949 under the designation DDR-832, transferred to the Republic of China Navy in 1973 and renamed ROCS Liao Yang, reclassified as a guided-missile destroyer in the same year under the designation DDG-921, sunk as a target ship in July 2006 Hanson
0%
Wickes Destroyer Decommissioned in 1922, recommissioned in 1939, transferred to the Royal Canadian Navy in 1940 and renamed HMCS Columbia, sold for scrap in August 1945 Haraden
0%
Fletcher Destroyer Sunk as a target ship in November 1973 Haraden
0%
Wickes Destroyer Sold for scrap on 8 September 1936 Harding
0%
Gleaves Destroyer Reclassified as a high-speed minesweeper in 1944 under the designation DMS-28, sold for scrap on 16 April 1947 Harding
0%
Allen M. Sumner Destroyer Sold for scrap on 18 May 1973 Harlan R. Dickson
0%
Gearing Destroyer Transferred to the Pakistan Navy in 1983 and renamed PNS Shah Jahan, sunk as a target ship in 1994 Harold J. Ellison
0%
Allen M. Sumner Destroyer Sold for scrap in July 1970 Harry E. Hubbard
0%
Allen M. Sumner / Robert H. Smith Destroyer minelayer Originally laid down as an Allen M. Sumner-class destroyer, completed as a Robert H. Smith-class destroyer minelayer, reclassified as a fast minelayer in 1968 under the designation MMD-26, sold for scrap in May 1973 Harry F. Bauer
0%
Wickes Destroyer Reclassified as a light minelayer in 1920 under the designation DM-8, sold for scrap on 25 February 1932 Hart
0%
Fletcher Destroyer Sold for scrap on 3 December 1973 Hart
0%
Arleigh Burke Guided-missile destroyer Currently in active service since 11 April 2026 Harvey C. Barnum Jr.
0%
Gearing Destroyer Reclassified as an escort destroyer in 1950 under the designation DDE-861, transferred to the Turkish Navy in 1971 and renamed TCG Kocatepe, accidentally sunk by Turkish aircraft on 21 July 1974 Harwood
0%
Clemson Destroyer Decommissioned in 1931, recommissioned in 1932, decommissioned again in 1938, recommissioned again in 1939, reclassified as a miscellaneous auxiliary ship in 1944 under the designation AG-84, sold for scrap on 9 May 1947 Hatfield
0%
Gearing Destroyer Transferred to the Republic of China Navy in 1979 and renamed ROCS Tzi Yang, reclassified as a guided-missile destroyer in the mid-1980's under the designation DDG-930, sold for scrap in the late-1990's Hawkins
0%
Spruance Guided-missile destroyer Sunk as a target ship on 13 November 2004 Hayler
0%
Allen M. Sumner Destroyer Transferred to the Republic of China Navy in 1970 and renamed ROCS Yue Yang, reclassified as a guided-missile destroyer in the 1979 under the designation DDG-905, sunk as an artificial reef on 13 October 2001 Haynsworth
0%
Wickes Destroyer Decommissioned in 1922, recommissioned in 1925, sold for scrap on 30 August 1935 Hazelwood
0%
Fletcher Destroyer Decommissioned in 1946, recommissioned in 1951, sold for scrap on 14 April 1976 Hazelwood
0%
Fletcher Destroyer Sold for scrap on 12 April 1976 Healy
0%
Fletcher Destroyer Decommissioned in 1946, recommissioned in 1951, transferred to the Argentinian Navy in 1961 and renamed ARA Almirante Brown, sold for scrap in 1982 Heermann
0%
Bagley Destroyer Sold for scrap on 2 October 1947 Helm
0%
Gearing Destroyer Transferred to the Pakistan Navy in 1980 and renamed PNS Tughril, renamed again to PNS Nazim in 1998, currently awaiting to be scrapped since 2001 Henderson
0%
Paulding Destroyer Transferred to the U.S. Coast Guard in 1924 under the designation CG-12, returned to the U.S. Navy in 1931, sold for scrap on 22 August 1934 Henley
0%
Bagley Destroyer Torpedoed and sunk by the Japanese submarine Ro-108 on 3 October 1943 Henley
0%
Allen M. Sumner Destroyer Sold for scrap on 24 June 1974 Henley
0%
Allen M. Sumner / Robert H. Smith Destroyer minelayer Originally laid down as an Allen M. Sumner-class destroyer, completed as a Robert H. Smith-class destroyer minelayer, reclassified as a fast minelayer in 1969 under the designation MMD-29, sold for scrap on 30 May 1972 Henry A. Wiley
0%
Clemson Destroyer Decommissioned in 1922, recommissioned in 1923, sold for scrap on 14 November 1930 Henshaw
0%
Wickes Destroyer Decommissioned in 1922, recommissioned in 1930, reclassified as a high-speed transport in 1943 under the designation APD-22, sold for scrap on 23 May 1946 Herbert
0%
Clemson Destroyer Decommissioned in 1922, transferred to the U.S. Coast Guard in 1930 under the designation CG-17, returned to the U.S. Navy in 1934, transferred again to the Royal Navy in 1940 and renamed HMS Churchill, transferred again to the Soviet Navy in 1944 and renamed Deyatelny, torpedoed and sunk by the German submarine U-956 on 16 January 1945 Herndon
0%
Gleaves Destroyer Sunk as a target ship on 24 May 1973 Herndon
0%
Spruance Guided-missile destroyer Sold for scrap on 9 August 2001 Hewitt
0%
Fletcher Destroyer Decommissioned in 1946, recommissioned in 1951, transferred to the Republic of Korea Navy in 1968 and renamed ROKS Busan, sold for scrap in 1989 Hickox
0%
Gearing Destroyer Reclassified as a radar picket destroyer in 1949 under the designation DDR-806, sunk as a target ship on 24 April 1986 Higbee
0%
Arleigh Burke Guided-missile destroyer Currently in active service since 24 April 1999 Higgins
0%
Benson Destroyer Sunk in a fleet exercise on 1 June 1972 Hobby
0%
Gleaves Destroyer Reclassified as a high-speed minesweeper in 1944 under the designation DMS-26, sunk by a collision with the U.S. fleet carrier USS Wasp on 26 April 1952 Hobson
0%
Fletcher Destroyer Sunk by gunfire from the Japanese battleships Yamato and Nagato and the heavy cruiser Haguro on 25 October 1944 Hoel
0%
Gearing Destroyer Cancelled on 12 September 1946 Hoel
0%
Charles F. Adams Guided-missile destroyer Sold for use as an Power Barge, conversion cancelled, sold for scrap on 1 October 1990 Hoel
0%
Wickes Destroyer Decommissioned in 1922, recommissioned in 1940 and reclassified as a high-speed minesweeper under the designation DMS-6, sunk as a target ship on 8 November 1945 Hogan
0%
Gearing Destroyer Reclassified as an escort destroyer in 1950 under the designation DDE-819, transferred to the Ecuadorian Navy in 1977 and renamed BAE Presidente Eloy Alfaro, sold for scrap in 1991 Holder
0%
Gearing Destroyer Transferred to the Republic of China Navy in 1983 and renamed ROCS Shao Yang, reclassified as a guided-missile destroyer in 1990 under the designation DDG-929, sunk as an artificial reef in 2006 Hollister
0%
Wickes Destroyer Decommissioned in 1922, recommissioned in 1940, transferred to the Royal Navy in the same year and renamed HMS Bath, transferred again to the Royal Norwegian Navy in 1941 under the same name, torpedoed and sunk by the German submarine U-204 on 19 August 1941 Hopewell
0%
Fletcher Destroyer Sunk as a target ship on 11 February 1972 Hopewell
0%
Bainbridge Torpedo Boat Destroyer Sold for scrap on 7 September 1920 Hopkins
0%
Clemson Destroyer Sold for scrap on 8 November 1946 Hopkins
0%
Arleigh Burke Guided-missile destroyer Currently in active service since 6 September 1997 Hopper
0%
Clemson Destroyer Decommissioned in 1923, recommissioned in 1930, reclassified as a destroyer minesweeper in 1940 under the designation DMS-11, sunk by a torpedo on 7 January 1945 Hovey
0%
Fletcher Destroyer Sunk as a target on 8 March 1962 Howorth
0%
Fletcher Destroyer Sold for scrap on 27 November 1973 Hudson
0%
Sims Destroyer Sunk as a target ship on 16 October 1948 Hughes
0%
Allen M. Sumner Destroyer Transferred to the Turkish Navy in 1972 and renamed TCG Zafer, sold for scrap in 1994 Hugh Purvis
0%
Allen M. Sumner Destroyer Damaged beyond repair by kamikaze attacks in 1945, sold for scrap on 2 September 1947 Hugh W. Hadley
0%
Clemson Destroyer Reclassified as a seaplane tender destroyer in 1940 under the designation AVD-6, sold for scrap on 31 October 1946 Hulbert
0%
Clemson Destroyer Decommissioned in 1922, transferred to the U.S. Coast Guard in 1930 under the designation CG-18, returned to the U.S. Navy in 1934, transferred again to the Royal Navy in 1940 and renamed HMS Broadway, sold for scrap in 1947 Hunt
0%
Fletcher Destroyer Decommissioned in 1945, recommissioned in 1951, sold for scrap on 14 August 1975 Hunt
0%
Fletcher Destroyer Sold for scrap in January 1948 Hutchins
0%
Allen M. Sumner Destroyer Sold for scrap on 13 October 1970 Hyman
0%
Fletcher Destroyer Sunk as a target ship on 19 May 1974 Ingersoll
0%
Spruance Guided-missile destroyer Sunk as a target ship on 29 July 2003 Ingersoll
0%
Wickes Destroyer Reclassified as a light minelayer in 1920 under the designation DM-9, sunk as a target ship on 23 July 1937 Ingraham
0%
Gleaves Destroyer Sunk by a collision with the U.S. oil tanker USS Chemung on 22 August 1942 Ingraham
0%
Allen M. Sumner Destroyer Transferred to the Hellenic Navy in 1971 and renamed HS Miaoulis, sunk as a target ship on 9 October 2001 Ingraham
0%
Arleigh Burke Guided-missile destroyer Construction authorized on 1 August 2023 Intrepid
0%
Fletcher Destroyer Transferred to the Brazilian Navy in 1968 and renamed CT Santa Catarina, sunk as a target ship in 1990 Irwin
0%
Clemson Destroyer Sold for scrap on 17 January 1931 Isherwood
0%
Fletcher Destroyer Transferred to the Peruvian Navy in 1961 and renamed BAP Almirante Guise, sold for scrap in 1981 Isherwood
0%
Wickes Destroyer Reclassified as a light minelayer in 1920 under the designation DM-3, sold for scrap on 18 April 1939 Israel
0%
Fletcher Destroyer Sold for scrap on 2 April 1970 Izard
0%
Arleigh Burke Guided-missile destroyer Currently in active service since 7 October 2023 Jack H. Lucas
0%
Allen M. Sumner Destroyer Transferred to the Brazilian Navy in 1973 and renamed CT Sergipe, sold for scrap in 1995 James C. Owens
0%
Gearing Destroyer Transferred to the Republic of China Navy in 1973 and renamed ROCS Chien Yang, reclassified as a guided-missile destroyer in the mid-1980's under the designation DDG-912, sold for scrap in November 2013 James E. Kyes
0%
Paulding Destroyer Sold for scrap on 23 April 1935 Jarvis
0%
Bagley Destroyer Sunk by Japanese bomber aircraft on 9 August 1942 Jarvis
0%
Fletcher Destroyer Transferred to the Spanish Navy in 1960 and renamed SPS Alcalá Galiano, sold for scrap in 1989 Jarvis
0%
Arleigh Burke Guided-missile destroyer Currently in active service since 13 November 2010 Jason Dunham
0%
Gleaves Destroyer Reclassified as a high-speed minesweeper in 1944 under the designation DMS-27, sold for scrap on 25 May 1973 Jeffers
0%
Paulding Destroyer Sold for scrap in 1935 Jenkins
0%
Fletcher Destroyer Desommissioned in 1946, redommissioned in 1951 and reclassified as an escort destroyer under the designation DDE-447, sold for scrap on 17 February 1971 Jenkins
0%
Arleigh Burke Guided-missile destroyer Launched on 25 March 2025, Jeremiah Denton
0%
Wickes Destroyer Decommissioned in 1923, recommissioned in 1930, reclassified as a miscellaneous auxiliary ship in 1944 under the designation AG-81, sold for scrap on 22 December 1946 J. Fred Talbott
0%
Allen M. Sumner Destroyer Sold to the Republic of China Navy and cannibalized for spare parts on 6 May 1974 John A. Bole
0%
Arleigh Burke Guided-missile destroyer Currently in active service since 9 November 2024 John Basilone
0%
Fletcher Destroyer Sold for scrap in May 1970 John D. Henley
0%
Arleigh Burke Guided-missile destroyer Construction authorized on 27 September 2018 John E. Kilmer
0%
Arleigh Burke Guided-missile destroyer Currently in active service since 15 July 2017 John Finn
0%
Arleigh Burke Guided-missile destroyer Construction authorized on 27 September 2018 John F. Lehman
0%
Clemson Destroyer Originally ordered as USS Swasey, renamed before completion, sold for scrap on 10 June 1931 John Francis Burnes
0%
Spruance Guided-missile destroyer Sold for scrap on 28 April 2007 John Hancock
0%
Fletcher Destroyer Sold for scrap on 12 April 1976 John Hood
0%
Gearing Destroyer Sunk as a target ship on 6 June 1980 John R. Craig
0%
Allen M. Sumner Destroyer Sold for scrap on 6 November 1974 John R. Pierce
0%
Mitscher Destroyer leader Reclassified as a guided-missile destroyer in 1967 under the designation DDG-36, sold for scrap on 13 December 1979 John S. McCain
0%
Arleigh Burke Guided-missile destroyer Currently in active service since 2 July 1994 John S. McCain
0%
Fletcher Destroyer Sunk by gunfire from Japanese surface forces on 25 October 1944 Johnston
0%
Gearing Destroyer Transferred to the Republic of China Navy in 1981 and renamed ROCS Chen Yang, reclassified as a guided-missile destroyer in 1998 under the designation DDG-928, sunk as a target ship on 20 July 2006 Johnston
0%
Allen M. Sumner Destroyer Transferred to the Republic of China Navy in 1974 and renamed ROCS Nan Yang, reclassified as a guided-missile destroyer in 1982 under the designation DDG-917, sunk as a target ship on 3 August 2006 John W. Thomason
0%
Allen M. Sumner Destroyer Sunk as a target ship on 19 November 1970 John W. Weeks
0%
Forrest Sherman Destroyer Sunk as a target ship on 23 July 1988 Jonas Ingram
0%
Charles F. Adams Guided-missile destroyer Sold to the Hellenic navy in 1992 and renamed HS Formion, sold for scrap on 19 February 2004 Joseph Strauss
0%
Paulding Destroyer Transferred to the U.S. Coast Guard in 1924 under the designation CG-13, returned to the U.S. Navy in 1930 and sold for scrap Jouett
0%
Somers Destroyer Sold for scrap in 1946 Jouett
0%
Allen M. Sumner / Robert H. Smith Destroyer minelayer Originally laid down as an Allen M. Sumner-class destroyer, completed as a Robert H. Smith-class destroyer minelayer, sold for scrap in July 1946 J. William Ditter
0%
Arleigh Burke Guided-missile destroyer Construction authorized on 15 December 2021 J. William Middendorf
0%
Wickes Destroyer Laid down as USS Rodgers, decommissioned in 1922, recommissioned in 1940, transferred to the Royal Navy in the same year and renamed HMS Hamilton, transferred again to the Royal Canadian Navy in 1941 under the same name, sold for scrap on 6 July 1945 Kalk
0%
Benson Destroyer Sunk as a target ship in March 1969 Kalk
0%
Clemson Destroyer Decommissioned in 1930, recommissioned in 1932, decommissioned again in 1938, recommissioned again in 1939, reclassified as a high-speed transport in 1943 under the designation APD-18, sold for scrap on 21 June 1946 Kane
0%
Gleaves Destroyer Sold for scrap on 6 October 1972 Kearny
0%
Benson Destroyer Sunk by demolition tests on 1 May 1966 Kendrick
0%
Wickes Destroyer Decommissioned in 1922, recommissioned in 1939, reclassified as a miscellaneous auxiliary ship in 1944 under the designation AG-83, sold for scrap on 18 November 1946 Kennison
0%
Gearing Destroyer Reclassified as an escort destroyer in 1950 under the designation DDE-765, transferred to the Turkish Navy in 1972 and renamed TCG Tınaztepe, sold for scrap in 1984 Keppler
0%
Clemson Destroyer Sold for scrap on 31 October 1930 Kidder
0%
Fletcher Destroyer Sunk as a target on 15 April 1975 Killen
0%
Wickes Destroyer Decommissioned in 1922, recommissioned in 1939, reclassified as a high-speed transport in 1943 under the designation APD-15, sold for scrap on 26 August 1946 Kilty
0%
Wickes Destroyer Sold for scrap on 20 April 1939 Kimberly
0%
Fletcher Destroyer Decommissioned in 1947, recommissioned in 1951, transferred to the Republic of China Navy in 1967 and renamed ROCS An Yang, reclassified as a guided-missile destroyer in the mid-1980's under the designation DDG-918, sunk as a target ship on 14 October 2003 Kimberly
0%
Spruance Guided-missile destroyer Sunk as a target ship on 14 July 2004 Kinkaid
0%
Fletcher Destroyer Sold for scrap on 27 August 1973 Knapp
0%
Arleigh Burke Guided-missile destroyer Construction authorized on 31 July 2025 Kyle Carpenter
0%
Arleigh Burke Guided-missile destroyer Currently in active service since 18 March 1995 Laboon
0%
Benson Destroyer Sunk by gunfire and torpedoes from the Japanese battleship Hiei and the destroyers Yukikaze and Terizuki on 13 November 1942 Laffey
0%
Allen M. Sumner Destroyer Decommissioned in 1947, recommissioned in 1975, currently preserved as a museum ship since 1986 Laffey
0%
Wickes Destroyer Decommissioned in 1922, recommissioned in 1930, reclassified as a miscellaneous auxiliary ship in 1932 under the designation AG-21, sold for scrap on 9 May 1947 Lamberton
0%
Smith Destroyer Sold for scrap on 21 November 1919 Lamson
0%
Clemson Destroyer Sold for scrap on 17 January 1931 Lamson
0%
Mahan Destroyer Sunk by a nuclear bomb test on 2 July 1946 Lamson
0%
Benham Destroyer Sold for scrap on 31 October 1947 Lang
0%
Wickes Destroyer Reclassified as a light minelayer in 1920 under the designation DM-6, decommissioned in 1922, recommissioned in 1930, sold for scrap on 13 November 1936 Lansdale
0%
Benson Destroyer Sunk by German aircraft on 20 April 1944 Lansdale
0%
Gearing Destroyer Cancelled on 6 January 1946 Lansdale
0%
Gleaves Destroyer Transferred to the Turkish Navy in 1949 and renamed TCG Gaziantep, sold for scrap in 1973 Lansdowne
0%
Clemson Destroyer Sold for scrap on 17 January 1931 Lardner
0%
Gleaves Destroyer Transferred to the Turkish Navy in 1949 and renamed TCG Gemlik, sunk as a target ship on 21 November 1982 Lardner
0%
Arleigh Burke Guided-missile destroyer Currently in active service since 21 April 2001 Lassen
0%
Clemson Destroyer Transferred to the Royal Navy in 1940 and renamed HMS Burwell, sold for scrap in March 1947 Laub
0%
Benson Destroyer Sold for scrap on 14 January 1975 Laub
0%
Clemson Destroyer Sold for scrap on 10 June 1931 La Vallette
0%
Fletcher Destroyer Sold to the Peruvian Navy and cannibalized for spare parts on 26 July 1974 La Vallette
0%
Bainbridge Torpedo Boat Destroyer Sold for scrap on 3 January 1920 Lawrence
0%
Clemson Destroyer Sold for scrap on 1 October 1946 Lawrence
0%
Charles F. Adams Guided-missile destroyer Reclassified as a guided-missile destroyer in 1957 under the designation DDG-4, sold for scrap on 15 April 1994 Lawrence
0%
Fletcher Destroyer Sold for scrap on 3 December 1973 Laws
0%
Wickes Destroyer Decommissioned in 1922, recommissioned in 1930, decommissioned again in 1937, recommissioned again in 1939, sold for scrap on 30 November 1946 Lea
0%
Wickes Destroyer Decommissioned in 1922, recommissioned in 1930,torpedoed and sunk by the German submarine U-275 on 24 December 1943 Leary
0%
Gearing Destroyer Reclassified as a radar picket destroyer in 1949 under the designation DDR-879, transferred to the Spanish Navy in 1978 and renamed SPS Langara, sold for scrap in 1992 Leary
0%
Spruance Guided-missile destroyer Sunk as a target ship on 1 August 2003 Leftwich
0%
Arleigh Burke Guided-missile destroyer Currently in active service since 13 May 2023 Lenah Sutcliffe Higbee
0%
Fletcher Destroyer Sold for scrap on 17 June 1947 Leutze
0%
Fletcher Destroyer Transferred to the Brazilian Navy in 1967 and renamed CT Piaui, sold for scrap in 1989 Lewis Hancock
0%
Allen M. Sumner / Robert H. Smith Destroyer minelayer Originally laid down as an Allen M. Sumner-class destroyer, completed as a Robert H. Smith-class destroyer minelayer, reclassified as a fast minelayer in 1969 under the designation MMD-32, sunk as a target ship on 9 May 1972 Lindsey
0%
Clemson Destroyer Reclassified as a miscellaneous auxiliary ship in 1945 under the designation AG-95, sold for scrap on 29 March 1946 Litchfield
0%
Wickes Destroyer Reclassified as a fast transport ship in 1940, sunk by Japanese destroyers on 5 September 1942 Little
0%
Fletcher Destroyer Sunk by kamikaze attacks on 3 May 1945 Little
0%
Gleaves Destroyer Sold for scrap on 3 March 1961 Livermore
0%
Allen M. Sumner Destroyer Sold to the Republic of China Navy and cannibalized for spare parts on 6 May 1974 Lofberg
0%
Clemson Destroyer Decommissioned in 1922, recommissioned in 1930, reclassified as a destroyer minesweeper in 1940 under the designation DMS-12, sunk a kamikaze attacks on 6 January 1945 Long
0%
Fletcher Destroyer Scuttled due to damage caused by grounding and Japanese coastal artillery on 18 May 1945 Longshaw
0%
Allen M. Sumner Destroyer Transferred to the Brazilian Navy in 1973 and renamed CT Espirito Santo, sold for scrap in October 1996 Lowry
0%
Wickes Destroyer Reclassified as a light minelayer in 1920 under the designation DM-4, decommissioned in 1922, recommissioned in 1930, sold for scrap on 13 November 1936 Luce
0%
Fletcher Destroyer Sunk by kamikaze attacks on 4 May 1945 Luce
0%
Farragut (1958) Guided-missile destroyer Reclassified as a guided-missile destroyer in 1975 under the designation DDG-38, sold for scrap on 16 December 1994 Luce
0%
Wickes Destroyer Reclassified as a light minelayer in 1920 under the designation DM-10, sold for scrap on 10 March 1931 Ludlow
0%
Gleaves Destroyer Transferred to the Hellenic Navy in 1951 and renamed HS Doxa, sold for scrap in 1972 Ludlow
0%
Allen M. Sumner Destroyer Sold to the Republic of China Navy and cannibalized for spare parts on 6 May 1974 Lyman K. Swenson
0%
Charles F. Adams Guided-missile destroyer Reclassified as a guided-missile destroyer in 1957 under the designation DDG-8, sunk as a target on 14 February 2001 Lynde McCormick
0%
Bainbridge Torpedo Boat Destroyer Sold for scrap on 10 March 1920 Macdonough
0%
Clemson Destroyer Sold for scarp on 20 December 1930 Macdonough
0%
Farragut (1934) Destroyer Sold for scrap on 20 December 1946 Macdonough
0%
Farragut (1958) Guided-missile destroyer Reclassified as a guided-missile destroyer in 1975 under the designation DDG-39, sold for scrap on 16 December 1994 Macdonough
0%
Wickes Destroyer Decommissioned in 1922, recommissioned in 1939, transferred to the Royal Canadian Navy in 1940 and renamed HMCS Annapolis, sold for scrap on 4 June 1945 Mackenzie
0%
Benson Destroyer Sunk in a fleet exercise on 1 June 1974 MacKenzie
0%
Clemson Destroyer Decommissioned in 1938, recommissioned in 1939, reclassified as a miscellaneous auxiliary ship in 1945 under the designation AG-87, sold for scrap on 18 December 1946 MacLeish
0%
Gleaves Destroyer Reclassified as a high-speed minesweeper in 1944 under the designation DMS-23, transferred to the Japanese Navy in 1954 and renamed JDS Hatakaze, sold to the Republic of China Navy in 1970 and reclassified as a dockside training ship, cannibalized for spare parts in 1974 Macomb
0%
Wickes Destroyer Decommissioned in 1922, recommissioned in 1940, transferred to the Royal Navy in the same year and renamed HMS Georgetown, transferred again to the Royal Canadian Navy in 1942 under the same name, transferred again to the Soviet Navy in 1944 and renamed Doblestny, sold for scrap on 16 September 1952 Maddox
0%
Gleaves Destroyer Sunk by Italian bomber aircraft on 10 July 1943 Maddox
0%
Allen M. Sumner Destroyer Transferred to the Republic of China Navy in 1973 and renamed ROCS Po Yang, reclassified as a guided-missile destroyer in the mid-1980's under the designation DDG-910, sold for scrap in 1985 Maddox
0%
Caldwell Destroyer Decommissioned in 1922, recommissioned in 1930, reclassified as a miscellaneous auxiliary ship in 1938 under the designation AG-28, sold for scrap on 26 November 1946 Manley
0%
Forrest Sherman Destroyer Sold for scrap on 11 December 1992 Manley
0%
Allen M. Sumner Destroyer Sunk by a kamikaze attack on 12 April 1945 Mannert L. Abele
0%
Allen M. Sumner Destroyer Sold to the Argentinian Navy and cannibalized for spare parts on 4 June 1974 Mansfield
0%
Clemson Destroyer Sunk as a target ship on 25 June 1935 Marcus
0%
Fletcher Destroyer Sold for scrap in July 1970 Marshall
0%
Allen M. Sumner Destroyer Sold for scrap on 13 November 1974 Massey
0%
Wickes Destroyer Reclassified as a light minelayer in 1920 under the designation DM-5, sold for scrap on 1 May 1934 Maury
0%
Gridley Destroyer One of the most decorated U.S. Naval vessels of WW2: 16 battle stars, sold for scrap on 13 June 1946 Maury
0%
Paulding Destroyer Decommissioned in 1915, recommissioned in 1918, sold for scrap on 28 July 1935 Mayrant
0%
Benham Destroyer Scuttled due to damage caused by nuclear bomb tests on 4 April 1948 Mayrant
0%
Gearing Destroyer Reclassified as an escort destroyer in 1950 under the designation DDE-860, sold for scrap on 11 June 1974 McCaffery
0%
Paulding Destroyer Transferred to the U.S. Coast Guard in 1924 under the designation CG-14, returned to the U.S. Navy in 1930, sold for scrap on 2 May 1934 McCall
0%
Gridley Destroyer Sold for scrap on 17 November 1947 McCall
0%
Clemson Destroyer Transferred to the Royal Navy in 1940 and renamed HMS Stanley, torpedoed and sunk by the German submarine U-574 on 19 December 1941 McCalla
0%
Gleaves Destroyer Transferred to the Turkish Navy in 1949 and renamed TCG Giresun, sold for scrap in 1973 McCalla
0%
Arleigh Burke Guided-missile destroyer Currently in active service since 17 August 2002 McCampbell
0%
Clemson Destroyer Decommissioned in 1922, recommissioned in 1923, sold for scrap on 2 September 1931 McCawley
0%
Clemson Destroyer Transferred to the Royal Canadian Navy in 1940 and renamed HMCS St. Croix, torpedoed and sunk by the German submarine U-305 on 20 September 1943 McCook
0%
Gleaves Destroyer Reclassified as a high-speed minesweeper in 1945 under the designation DMS-36, sold for scrap on 27 August 1973 McCook
0%
Fletcher Destroyer Sold for scrap on 2 January 1974 McCord
0%
Clemson Destroyer Decommissioned in 1938, recommissioned in 1939, reclassified as a miscellaneous auxiliary ship in 1945 under the designation AG-118, sold for scrap on 15 December 1946 McCormick
0%
Clemson Destroyer Sold for scrap on 25 February 1932 McDermut
0%
Fletcher Destroyer Sold for scrap on 4 January 1966 McDermut
0%
O'Brien Destroyer Transferred to the U.S. Coast Guard in 1924 under the designation CG-6, returned to the U.S. Navy in 1933, sold for scrap on 22 August 1934 McDougal
0%
Porter Destroyer Reclassified as a miscellaneous auxiliary ship in 1945 under the designation AG-126, sold for scrap on 2 August 1949 McDougal
0%
Clemson Destroyer Reclassified as a seaplane tender destroyer in 1940 under the designation AVD-14, sold for scrap on 29 October 1946 McFarland
0%
Arleigh Burke Guided-missile destroyer Currently in active service since 25 April 1998 McFaul
0%
Fletcher Destroyer Transferred to the Spanish Navy in 1960 and renamed SPS Jorge Juan, sold for scrap in 1988 McGowan
0%
Wickes Destroyer Decommissioned in 1922, recommissioned in 1940 and reclassified as a high-speed transport under the designation APD-5, sunk by Japanese naval aircraft on 17 November 1943 McKean
0%
Gearing Destroyer Sold to the Turkish Navy in 1982, cannibalized for spare parts in 1982, hull sunk as a target ship in July 1987 McKean
0%
Wickes Destroyer Sold for scrap in January 1936 McKee
0%
Fletcher Destroyer Sold for scrap on 2 January 1974 McKee
0%
Clemson Destroyer Transferred to the Royal Navy in 1940 and renamed HMS Bradford, sold for scrap on 19 June 1946 McLanahan
0%
Benson Destroyer Sold for scrap in 1974 McLanahan
0%
Fletcher Destroyer Sold for scrap on 10 June 1976 McNair
0%
Clemson Destroyer Transferred to the Royal Navy in 1940 and renamed HMS Ramsey, sold for scrap on 18 February 1947 Meade
0%
Benson Destroyer Sunk as a target in February 1973 Meade
0%
Clemson Destroyer Sold for scrap in 1930 Melvin
0%
Fletcher Destroyer Sold for scrap on 14 August 1975 Melvin
0%
Wickes Destroyer Sold for scrap on 29 September 1936 Meredith
0%
Gleaves Destroyer Sunk by Japanese naval aircraft on 15 October 1942 Meredith
0%
Allen M. Sumner Destroyer Sunk by a mine and German bomber aircraft in 1944, wreck sold for scrap on 5 August 1960 Meredith
0%
Gearing Destroyer Transferred to the Turkish Navy in 1982 and renamed TCG Savaştepe, sold for scrap in 1995 Meredith
0%
Spruance Guided-missile destroyer Sunk as a target ship on 1 August 2003 Merrill
0%
Fletcher Destroyer Sold for scrap on 16 December 1971 Mertz
0%
Clemson Destroyer Sold for scrap on 14 June 1930 Mervine
0%
Gleaves Destroyer Reclassified as a high-speed minesweeper in 1945 under the designation DMS-31, sold for scrap on 27 October 1969 Mervine
0%
Fletcher Destroyer Sold for scrap on 6 June 1972 Metcalf
0%
Clemson Destroyer Sold for scrap on 25 February 1932 Meyer
0%
Arleigh Burke Guided-missile destroyer Construction authorized on 1 August 2023 Michael G. Mullen
0%
Arleigh Burke Guided-missile destroyer Currently in active service since 23 November 1996 Milius
0%
Allen M. Sumner Destroyer Sold for scrap on 1 December 1974 Moale
0%
Porter Destroyer Sold for scrap on 16 May 1947 Moffett
0%
Arleigh Burke Guided-missile destroyer Currently in active service since 28 August 2004 Momsen
0%
Paulding Destroyer Transferred to the U.S. Coast Guard in 1924 under the designation CG-15, returned to the U.S. Navy in 1930, sold for scrap in 1934 Monaghan
0%
Farragut (1934) Destroyer Sunk by a storm on 18 December 1944 Monaghan
0%
Gleaves Destroyer Sunk by gunfire from Japanese warships on 13 November 1942 Monssen
0%
Fletcher Destroyer Decommissioned in 1946, recommissioned in 1951, sold for scrap on 21 October 1963 Monssen
0%
Wickes Destroyer Decommissioned in 1922, recommissioned in 1931 and reclassified as a light minelayer under the designation DM-17, decommissioned again in 1937, recommissioned again in 1939, sold for scrap on 11 March 1946 Montgomery
0%
Clemson Destroyer Decommissioned in 1922, recommissioned in 1923, sold to Metro-Goldwyn-Mayer in 1933 and sunk as a movie prop Moody
0%
Spruance Guided-missile destroyer Sold for scrap on 15 December 2000 Moosbrugger
0%
Clemson Destroyer Sold for scrap on 29 September 1936 Morris
0%
Sims Destroyer One of the most decorated U.S. Naval vessels of WW2: 15 battle stars, sold for scrap on 2 August 1947 Morris
0%
Fletcher Destroyer Sunk by kamikaze attacks on 4 May 1945 Morrison
0%
Forrest Sherman Destroyer Sold for scrap on 17 March 1992 Morton
0%
Wickes Destroyer Sold for scrap in 1936 Mugford
0%
Bagley Destroyer Scuttled due to damage caused by nuclear bomb tests on 22 March 1948 Mugford
0%
Clemson Destroyer Sold for scrap on 19 March 1931 Mullany
0%
Fletcher Destroyer Originally ordered as USS Beatty before completion, decommissioned in 1946, recommissioned in 1951, transferred to the Republic of China Navy in 1971 and renamed ROCS Chin Yang, reclassified as a guided-missile destroyer in the mid-1980's under the designation DDG-909, sunk as an artificial reef on 1 November 2001 Mullany
0%
Forrest Sherman Destroyer Sunk as a target ship on 22 August 1992 Mullinnix
0%
Wickes Destroyer Reclassified as a light minelayer in 1920 under the designation DM-2, sold for scrap on 29 September 1936 Murray
0%
Fletcher Destroyer Decommissioned in 1946, recommissioned in 1951 and reclassified as an escort destroyer under the designation DDE-576, sold for scrap in 1966 Murray
0%
Sims Destroyer Scuttled due to damage caused by nuclear bomb tests on 18 April 1948 Mustin
0%
Arleigh Burke Guided-missile destroyer Currently in active service since 26 July 2003 Mustin
0%
Gearing Destroyer Reclassified as a radar picket destroyer in 1949 under the designation DDR-829, sold to the Hellenic Navy and cannibalized for spare parts on 2 August 1980 Myles C. Fox
0%
Fletcher Destroyer Sold for scrap in October 1947 Newcomb
0%
Gearing Destroyer Reclassified as a radar picket destroyer in 1950 under the designation DDR-883, transferred to the Republic of Korea Navy in 1981 and renamed ROKS Kyong Ki, sold for scrap in 1999 Newman K. Perry
0%
Gleaves Destroyer Sold for scrap on 16 August 1973 Niblack
0%
Clemson Destroyer Ran aground and wrecked on 8 September 1923, wreck sold for scrap on 25 September 1925 Nicholas
0%
Fletcher Destroyer Most decorated destroyer in U.S. Naval history: 16 battle stars for WW2 service, 5 for Korean War service, and 9 for Vietnam War service, reclassified as an escort destroyer in 1949 under the designation DDE-449, sold for scrap in October 1970 Nicholas
0%
O'Brien Destroyer Sold for scrap on 30 June 1936 Nicholson
0%
Gleaves Destroyer Transferred to the Italian Navy in 1951 and renamed Aviere, sunk as a target ship on 1 September 1977 Nicholson
0%
Spruance Guided-missile destroyer Sunk as a target ship on 30 July 2004 Nicholson
0%
Benson Destroyer Sold for scrap on 8 May 1972 Nields
0%
Arleigh Burke Guided-missile destroyer Currently in active service since 5 March 2005 Nitze
0%
Clemson Destroyer Reclassified as a high-speed transport in 1943 under the designation APD-24, sunk by a collision with the destroyer USS Fullam on 12 September 1944 Noa
0%
Gearing Destroyer Transferred to the Spanish Navy in 1978 and renamed SPS Blas de Lezo, sold for scrap in 1991 Noa
0%
Gearing Destroyer Reclassified as an escort destroyer in 1950 under the designation DDE-859, transferred to the Turkish Navy in 1974 and renamed TCG Kocatepe, sold for scrap in June 1994 Norris
0%
Wickes Destroyer Sold for scrap on 29 September 1936 O'Bannon
0%
Fletcher Destroyer Most decorated U.S. destroyer of WW2: 17 battle stars, reclassified as an escort destroyer in 1949 under the designation DDE-450, sold for scrap on 6 June 1970 O'Bannon
0%
Spruance Guided-missile destroyer Sunk as a target ship on 6 October 2008 O'Bannon
0%
Gearing Destroyer Reclassified as a radar picket destroyer in 1953 under the designation DDR-889, transferred to the Spanish Navy in 1978 and renamed SPS Méndez Núñez, sold for scrap in 1992 O'Hare
0%
Arleigh Burke Guided-missile destroyer Currently in active service since 23 October 1999 O'Kane
0%
Spruance Guided-missile destroyer Sunk as a target ship on 22 August 2005 Oldendorf
0%
Benson Destroyer Sold for scrap in 1973 Ordronaux
0%
Gearing Destroyer Transferred to the Turkish Navy in 1982 and renamed TCG Yücetepe, returned to the U.S. Navy and preserved as a museum ship since 2000 Orleck
0%
Clemson Destroyer Reclassified as a commercial cargo ship in 1933 and renamed MV Matagalpa, severely damaged by a fire in 1942, wreck scuttled on 6 September 1947 Osborne
0%
Arleigh Burke Guided-missile destroyer Currently in active service since 19 August 2000 Oscar Austin
0%
Clemson Destroyer Decommissioned in 1922, recommissioned in 1940, reclassified as a seaplane tender destroyer in 1940 under the designation AVD-9, sold for scrap on 17 June 1946 Osmond Ingram
0%
Clemson Destroyer Decommissioned in 1931, recommissioned in 1932, decommissioned again in 1937, recommissioned again in 1939, reclassified as a high-speed transport in 1943 under the designation APD-23, sold for scrap on 30 November 1945 Overton
0%
Fletcher Destroyer Sold for scrap on 27 November 1973 Owen
0%
Gearing Destroyer Sold for scrap on 1 December 1975 Ozbourn
0%
Wickes Destroyer Decommissioned in 1922, recommissioned in 1940, reclassified as a light minesweeper in 1940 under the designation DMS-5, sunk by Japanese bomber aircraft on 7 January 1945 Palmer
0%
Clemson Destroyer Sold for scrap on 5 April 1947 Parrott
0%
Forrest Sherman Destroyer Reclassified as a guided-missile destroyer in 1967 under the designation DDG-33, sunk as a target ship on 25 April 1989 Parsons
0%
Arleigh Burke Guided-missile destroyer Launched on 15 October 2024, Patrick Gallagher
0%
Paulding Destroyer Transferred to the U.S. Coast Guard in 1924 under the designation CG-16, returned to the U.S. Navy in 1930, sold for scrap on 8 October 1930 Patterson
0%
Bagley Destroyer Sold for scrap on 18 August 1947 Patterson
0%
Spruance Guided-missile destroyer Reclassified as a Self Defence Test Ship in 2005 under the designation EDD-964, currently in active service Paul F. Foster
0%
Clemson Destroyer Originally ordered as USS Hamilton, renamed before completion, sold for scrap in 1931 Paul Hamilton
0%
Fletcher Destroyer Sold for scrap on 2 April 1970 Paul Hamilton
0%
Arleigh Burke Guided-missile destroyer Currently in active service since 27 May 1995 Paul Hamilton
0%
Arleigh Burke Guided-missile destroyer Currently in active service since 27 July 2019 Paul Ignatius
0%
Clemson Destroyer Sunk by Japanese naval aircraft on 19 February 1942 Peary
0%
Clemson Destroyer Sold for scrap on 19 March 1931 Percival
0%
Paulding Destroyer Sold for scrap on 28 June 1935 Perkins
0%
Mahan Destroyer Sunk by a collision with the Australian troopship MV Duntroon on 29 November 1943 Perkins
0%
Gearing Destroyer Reclassified as a radar picket destroyer in 1949 under the designation DDR-877, transferred to the Argentinian Navy in 1973 and renamed ARA Comodoro Py, sunk as a target ship on 15 June 1987 Perkins
0%
Bainbridge Torpedo Boat Destroyer Sold for scrap on 3 January 1920 Perry
0%
Clemson Destroyer Sunk by mines on 13 September 1944 Perry
0%
Gearing Destroyer Sold for scrap on 24 June 1974 Perry
0%
Porter Destroyer Sold for scrap on 10 August 1947 Phelps
0%
Fletcher Destroyer Decommissioned in 1945, recommissioned in 1951, sunk as a target ship on 27 February 1997 Picking
0%
Clemson Destroyer Sunk by Japanese aircraft along with battleship and cruiser gunfire on 2 March 1942 Pillsbury
0%
Arleigh Burke Guided-missile destroyer Currently in active service since 29 May 2004 Pinckney
0%
Gleaves Destroyer Transferred to the Republic of China Navy in 1959 and renamed ROCS Nan Yang Plunkett
0%
Clemson Destroyer Sunk by Japanese naval aircraft on 1 March 1942 Pope
0%
Fletcher Destroyer Sunk as a target ship on 18 July 1982 Porterfield
0%
Gearing Destroyer Transferred to the Republic of China Navy in 1977 and renamed ROCS Shen Yang, reclassified as a guided-missile destroyer in the mid-1980's under the designation DDG-923, sold for scrap in November 2013 Power
0%
Bainbridge Torpedo Boat Destroyer Sold for scrap on 3 January 1920 Preble
0%
Clemson Destroyer Reclassified as a light minelayer in 1937 under the designation DM-20, sold for scrap on 26 October 1946 Preble
0%
Farragut (1958) Guided-missile destroyer Reclassified as a guided-missile destroyer in 1975 under the designation DDG-46, sold for scrap on 15 April 1994 Preble
0%
Arleigh Burke Guided-missile destroyer Currently in active service since 9 November 2002 Preble
0%
Smith Destroyer Sold for scrap on 21 November 1919 Preston
0%
Clemson Destroyer Sold for scrap on 23 August 1932 Preston
0%
Mahan Destroyer Sunk by gunfire from the Japanese cruiser Nagara on 14 November 1942 Preston
0%
Fletcher Destroyer Transferred to the Turkish Navy in 1969 and renamed TCG İçel, sold for scrap in 1981 Preston
0%
Fletcher Destroyer Transferred to the Italian navy in 1970 and renamed Geniere, sold for scrap in 1975 Prichett
0%
Fletcher Destroyer Sunk by kamikaze attacks on 16 April 1945 Pringle
0%
Clemson Destroyer Reclassified as a light minelayer in 1937 under the designation DM-22, sold for scrap in 1946 Pruitt
0%
Allen M. Sumner Destroyer Sold for scrap on 11 June 1974 Purdy
0%
Clemson Destroyer Sold for scrap on 17 January 1931 Putnam
0%
Allen M. Sumner Destroyer Sold for scrap on 24 June 1974 Putnam
0%
Arleigh Burke Guided-missile destroyer Laid down on 20 May 2025 Quentin Walsh
0%
Gleaves Destroyer Reclassified as a high-speed minesweeper in 1945 under the designation DMS-32, sold for scrap on 27 August 1973 Quick
0%
Wickes Destroyer Reclassified as a miscellaneous auxiliary ship in 1932, sunk as a target ship on 5 August 1936 Radford
0%
Fletcher Destroyer Sold for scrap in October 1970 Radford
0%
Arleigh Burke Guided-missile destroyer Currently in active service since 29 July 2017 Rafael Peralta
0%
Arleigh Burke Guided-missile destroyer Currently in active service since 24 March 2018 Ralph Johnson
0%
Bagley Destroyer Scuttled due to damage caused by nuclear bomb tests on 5 April 1948 Ralph Talbot
0%
Arleigh Burke Guided-missile destroyer Currently in active service since 22 July 1995 Ramage
0%
Wickes Destroyer Decommissioned in 1923, recommissioned in 1930, reclassified as a high-speed transport in 1944 under the designation APD-25, sold for scrap in November 1946 Rathburne
0%
Arleigh Burke Guided-missile destroyer Construction authorized on 1 August 2023 Ray Mabus
0%
Smith Destroyer Sold for scrap on 21 November 1919 Reid
0%
Clemson Destroyer Sold for scrap on 17 January 1931 Reid
0%
Mahan Destroyer Sunk by kamikaze attacks on 11 December 1944 Reid
0%
Fletcher Destroyer Sold for scrap on 10 June 1976 Remey
0%
Clemson Destroyer Sold for scrap in 1931 Reno
0%
Wickes Destroyer Sold for scrap on 29 September 1936 Renshaw
0%
Fletcher Destroyer Reclassified as an escort destroyer in 1950 under the designation DDE-499, sold for scrap in October 1970 Renshaw
0%
Benham Destroyer Scuttled due to damage caused by nuclear bomb tests on 22 March 1948 Rhind
0%
Gearing Destroyer Reclassified as an escort destroyer in 1950 under the designation DDE-820, sold for scrap on 5 December 1979 Rich
0%
Charles F. Adams Guided-missile destroyer Sold to the Hellenic navy and cannibalized for spare parts, hull sunk as a target ship on 19 June 2003 Richard E. Byrd
0%
Gearing Destroyer Reclassified as a miscellaneous auxiliary ship in 1949 under the designation AG-151, transferred to the Republic of Korea Navy in 1977 and renamed ROKS Gwangju, retired on 29 December 2000 Richard E. Kraus
0%
Arleigh Burke Guided-missile destroyer Construction authorized on 27 September 2018 Richard G. Lugar
0%
Arleigh Burke Guided-missile destroyer Construction authorized on 1 August 2023 Richard J. Danzig
0%
Fletcher Destroyer Sold for scrap in April 1976 Richard P. Leary
0%
Wickes Destroyer Decommissioned in 1922, recommissioned in 1940, transferred to the Royal Navy and renamed HMS Newark the same year, sold for scrap on 18 February 1947 Ringgold
0%
Fletcher Destroyer Transferred to the West German Navy in 1959 and renamed Zerstörer 2, transferred again to the Hellenic Navy in 1981 and renamed Kimon, sold for scrap in 1993 Ringgold
0%
Wickes Destroyer Reclassified as a light minelayer in 1920 under the designation DM-14, sold for scrap on 25 February 1932 Rizal
0%
Gearing Destroyer Completed as a hunter-killer antisubmarine destroyer under the designation DDK-827, reclassified as an escort destroyer in 1950 under the designation DDE-827, transferred to the Turkish Navy in 1982 and renamed TCG Alçi Tepe, sold for scrap in 1999 Robert A. Owens
0%
Gearing Destroyer Transferred to the Turkish Navy in 1980 and renamed TCG Kılıç Ali Paşa, sold for scrap in 2000 Robert H. McCard
0%
Arleigh Burke Guided-missile destroyer Construction authorized on 1 August 2023 Robert Kerrey
0%
Allen M. Sumner Destroyer Transferred to the Venezuelan Navy in 1973 and renamed ARV Falcon, sold for scrap in 1981 Robert K. Huntington
0%
Arleigh Burke Guided-missile destroyer Construction authorized on 6 May 2026 Robert R. Ingram
0%
Charles F. Adams Guided-missile destroyer Sold for scrap on 20 June 1994 Robison
0%
Gleaves Destroyer Reclassified as a high-speed minesweeper in 1944 under the designation DMS-21, transferred to the Republic of China Navy in 1954 and renamed ROCS Hsien Yang, ran aground in 1969, wreck expended as a film prop in 1976 Rodman
0%
Paulding Destroyer Transferred to the U.S. Coast Guard in 1924 under the designation CG-18, returned to the U.S. Navy in the same year, sold for scrap in 1934 Roe
0%
Sims Destroyer Sold for scrap in August 1947 Roe
0%
Fletcher Destroyer Transferred to the Chilean Navy in 1963 and renamed Cochrane, sold for scrap in 1983 Rooks
0%
Arleigh Burke Guided-missile destroyer Currently in active service since 14 October 2000 Roosevelt
0%
Wickes Destroyer Decommissioned in 1922, recommissioned in 1930, sold for scrap on 31 March 1946 Roper
0%
Sampson Destroyer Sold for scrap on 20 April 1939 Rowan
0%
Benham Destroyer Torpedoed and sunk by German S-boats on 11 September 1943 Rowan
0%
Gearing Destroyer Transferred to the Republic of China Navy in 1977 and renamed ROCS Chao Yang, ran aground and sold for scrap on 22 August 1976 Rowan
0%
Fletcher Destroyer Decommissioned in 1947, recommissioned in 1951, sunk as a target ship on 23 February 1978 Rowe
0%
Gearing Destroyer Transferred to the Hellenic Navy 1973 and renamed HS Kountouriotis, laid up and awaiting to be scrapped since 1998 Rupertus
0%
Sims Destroyer One of the most decorated U.S. Naval vessels of WW2: 16 battle stars, sold for scrap on 13 June 1946 Russell
0%
Arleigh Burke Guided-missile destroyer Currently in active service since 20 May 1995 Russell
0%
Arleigh Burke Guided-missile destroyer Laid down on 22 November 2025 Sam Nunn
0%
Clemson Destroyer Reclassified as a high-speed transport in 1942 under the designation APD-13, sold for scrap on 23 May 1946 Sands
0%
Gearing Destroyer Transferred to the Republic of China Navy in 1977 and renamed ROCS Te Yang, reclassified as a guided-missile destroyer in 1989 under the designation DDG-925, currently preserved as a museum ship since 22 January 2009 Sarsfield
0%
Clemson Destroyer Decommissioned in 1922, recommissioned in 1939, transferred to the Royal Navy in 1940 and renamed HMS Belmont, torpedoed and sunk by the German submarine U-82 on 31 January 1942 Satterlee
0%
Gleaves Destroyer Sold for scrap on 8 May 1972 Satterlee
0%
Fletcher Destroyer Reclassified as an escort destroyer in 1946 under the designation DDE-465, reclassified again as an experimental escort destroyer under the designation EDDE-465, sunk as a target ship on 20 February 1968 Saufley
0%
Wickes Destroyer Decommissioned in 1922, recommissioned in 1930, reclassified as a miscellaneous auxiliary ship in 1944 under the designation AG-82, sold for scrap on 25 November 1946 Schenck
0%
Wickes Destroyer Decommissioned in 1922, recommissioned in 1940, reclassified as a high-speed transport in 1943 under the designation APD-14, sold for scrap on 29 March 1946 Schley
0%
Fletcher Destroyer Sold for scrap on 1 January 1974 Schroeder
0%
Gearing Destroyer Partially completed, sold for scrap on 12 September 1961 Seaman
0%
Clemson Destroyer Sold for scrap on 31 October 1930 Selfridge
0%
Porter Destroyer Sold for scrap on 20 December 1946 Selfridge
0%
Charles F. Adams Guided-missile destroyer Sold for scrap on 15 September 2004 Sellers
0%
Clemson Destroyer Transferred to the U.S. Coast Guard in 1932 under the designation CG-20, returned to the U.S. Navy in 1934, reclassified as a miscellaneous auxiliary ship in 1935 under the designation AG-24, sold for scrap on 25 November 1946 Semmes
0%
Charles F. Adams Guided-missile destroyer Sold to the Hellenic navy in 1991 and renamed HS Kimon, sold for scrap in 2006 Semmes
0%
Gearing Destroyer Cancelled on 6 January 1946 Seymour D. Owens
0%
Allen M. Sumner / Robert H. Smith Destroyer minelayer Originally laid down as an Allen M. Sumner-class destroyer, completed as a Robert H. Smith-class destroyer minelayer, reclassified as a fast minelayer in 1968 under the designation MMD-25, sold for scrap in May 1973 Shannon
0%
Clemson Destroyer Sold for scrap on 17 January 1931 Sharkey
0%
Sampson Destroyer Transferred to the U.S. Coast Guard in 1926 under the designation CG-22, returned to the U.S. Navy in 1933, sold for scrap on 22 August 1934 Shaw
0%
Mahan Destroyer Sold for scrap in July 1946 Shaw
0%
Allen M. Sumner / Robert H. Smith Destroyer minelayer Originally laid down as an Allen M. Sumner-class destroyer, completed as a Robert H. Smith-class destroyer minelayer, reclassified as a fast minelayer in 1969 under the designation MMD-30, sold for scrap on 1 September 1974 Shea
0%
Gearing Destroyer Transferred to the Republic of China Navy in 1973 and renamed ROCS Lai Yang, reclassified as a guided-missile destroyer in the same year under the designation DDG-920, sunk as an artificial reef in November 2002 Shelton
0%
Fletcher Destroyer Transferred to the Brazilian Navy in 1972 and renamed CT Maranhao, sold for scrap in 1990 Shields
0%
Clemson Destroyer Sold for scrap on 27 January 1931 Shirk
0%
Arleigh Burke Guided-missile destroyer Currently in active service since 22 June 2002 Shoup
0%
Clemson Destroyer Transferred to the Royal Navy in 1940 and renamed HMS Ripley, sold for scrap on 20 March 1945 Shubrick
0%
Gleaves Destroyer Sold for scrap on 28 September 1947 Shubrick
0%
Clemson Destroyer Reclassified as a light minelayer in 1937 under the designation DM-21, sold for scrap on 22 June 1946 Sicard
0%
Wickes Destroyer Decommissioned in 1922, recommissioned in 1940, transferred to the Royal Navy and renamed HMS Newport the same year, transferred to the Royal Norwegian Navy the same year, sold for scrap on 18 February 1947 Sigourney
0%
Fletcher Destroyer Sold for scrap on 31 July 1975 Sigourney
0%
Fletcher Destroyer Sold for scrap on 31 July 1975 Sigsbee
0%
Clemson Destroyer Reclassified as a miscellaneous auxiliary ship in 1945 under the designation AG-97, sold for scrap on 21 November 1946 Simpson
0%
Clemson Destroyer Decommissioned in 1922, recommissioned in 1923, sold for scrap on 30 August 1935 Sinclair
0%
Clemson Destroyer Sunk as a target ship on 26 June 1935 Sloat
0%
Fletcher Destroyer Sold for scrap on 4 January 1966 Smalley
0%
Allen M. Sumner Destroyer Sunk in a fleet exercise on 18 September 1970 Soley
0%
Clemson Destroyer Decommissioned in 1922, recommissioned in 1930, reclassified as a destroyer minesweeper in 1940 under the designation DMS-10, grounded in 1945, wreck destroyed on 14 January 1946 Southard
0%
Gearing Destroyer One of the most decorated US destroyers of all time: 1 battle star for WW2 service, 8 for Korean War service, and 10 for Vietnam War service, reclassified as a radar picket destroyer in 1949 under the designation DDR-743, sunk as a target ship on 2 August 1997 Southerland
0%
Fletcher Destroyer Sunk by a storm on 18 December 1944 Spence
0%
Wickes Destroyer Reclassified as a light minelayer in 1920 under the designation DM-13, sunk as a target ship on 22 July 1937 Sproston
0%
Fletcher Destroyer Decommissioned in 1946, recommissioned in 1950, sold for scrap on 15 September 1971 Sproston
0%
Benham Destroyer Scuttled due to damage caused by nuclear bomb tests on 24 April 1948 Stack
0%
Fletcher Destroyer Sold for scrap in February 1972 Stanly
0%
Wickes Destroyer Decommissioned in 1922, recommissioned in 1940 and reclassified as a high-speed minesweeper under the designation DMS-8, sold for scrap on 26 October 1946 Stansbury
0%
Gearing Destroyer Reclassified as a radar picket destroyer in 1952 under the designation DDR-863, transferred to the Mexican Navy in 1982 and renamed ARM Netzahualcóyotl, currently awaiting to be sunk as an artificial reef since 2014 Steinaker
0%
Fletcher Destroyer Transferred to the Argentinian Navy in 1961 and renamed ARA Rosales, sold for scrap in 1982 Stembel
0%
Fletcher Destroyer Sold for scrap on 27 November 1973 Stephen Potter
0%
Paulding Destroyer Sold for scrap on 28 June 1935 Sterett
0%
Benham Destroyer Sold for scrap on 10 August 1947 Sterett
0%
Arleigh Burke Guided-missile destroyer Currently in active service since 9 August 2008 Sterett
0%
Arleigh Burke Guided-missile destroyer Currently in active service since 21 October 1995 Stethem
0%
Gleaves Destroyer Sold for scrap on 2 June 1970 Stevenson
0%
Gearing Destroyer Decommissioned in 1952, recommissioned in 1953 and reclassified as a radar picket ship under the designation DDR-888, transferred to the Hellenic Navy in 1972 and renamed HS Kanaris, sold for scrap in 2002 Stickell
0%
Arleigh Burke Guided-missile destroyer Currently in active service since 18 April 2009 Stockdale
0%
Fletcher Destroyer Decommissioned in 1946, recommissioned in 1951, sunk as a target ship on 17 February 1977 Stockham
0%
Caldwell Destroyer Transferred to the Royal Navy in 1940 and renamed HMS Ludlow, beached and wrecked as a target ship on 15 July 1945 Stockton
0%
Gleaves Destroyer Sold for scrap on 25 May 1973 Stockton
0%
Fletcher Destroyer Sunk in a fleet exercise on 22 July 1997 Stoddard
0%
Clemson Destroyer Sold for scrap on 30 August 1935 Stoddert
0%
Allen M. Sumner Destroyer Transferred to the Iranian Navy in 1973 and renamed IRIS Palang, currently in non-operational service since 1994 and awaiting to be scrapped Stormes
0%
Arleigh Burke Guided-missile destroyer Currently in active service since 13 August 1994 Stout
0%
Wickes Destroyer Reclassified as a light minelayer in 1920 under the designation DM-1, sunk as a target ship in January 1937 Stribling
0%
Gearing Destroyer Sunk as a target ship on 27 July 1980 Stribling
0%
Wickes Destroyer Decommissioned in 1922, recommissioned in 1940 and reclassified as a high-speed transport under the designation APD-6, sold for scrap in March 1946 Stringham
0%
Fletcher Destroyer Torpedoed and sunk by the Japanese destroyer Niizuki on 5 July 1943 Strong
0%
Allen M. Sumner Destroyer Transferred to the Brazilian Navy in 1973 and renamed CT Rio Grande de Norte, sunk while on tow to be scrapped in 1997 Strong
0%
Spruance Guided-missile destroyer Sunk as a target ship on 7 June 2006 Stump
0%
Clemson Destroyer Sunk by mines on 26 April 1942 Sturtevant
0%
Gleaves Destroyer Sold for scrap on 29 June 1972 Swanson
0%
Clemson Destroyer Transferred to the Royal Navy in 1940 and renamed HMS Rockingham, sank while on tow to be scrapped on 27 September 1944 Swasey
0%
Wickes Destroyer Decommissioned in 1923, recommissioned in 1930, reclassified as a high-speed transport in 1942 under the designation APD-7, sold for scrap on 30 January 1946 Talbot
0%
Wickes Destroyer Decommissioned in 1922, recommissioned in 1930, decommissioned again in 1936, recommissioned again in 1939, sold for scrap on 30 November 1945 Tarbell
0%
Wickes Destroyer Decommissioned in 1922, recommissioned in 1930, reclassified as a high-speed transport in 1943 under the designation APD-19, sold for scrap on 17 November 1946 Tattnall
0%
Charles F. Adams Guided-missile destroyer Sold for scrap on 10 February 1999 Tattnall
0%
Allen M. Sumner Destroyer Transferred to the Republic of China Navy in 1969 and renamed ROCS Lo Yang, reclassified as a guided-missile destroyer in the mid-1980's under the designation DDG-914, sold for scrap in 2013 Taussig
0%
Arleigh Burke Guided-missile destroyer Construction authorized on 1 August 2023 Telesforo Trinidad
0%
Paulding Destroyer Transferred to the U.S. Coast Guard in 1924 under the designation CG-19, returned to the U.S. Navy in the same year, sold for scrap in 1934 Terry
0%
Fletcher Destroyer Sold to the Peruvian Navy and cannibalized for spare parts on 26 July 1974 Terry
0%
Arleigh Burke Guided-missile destroyer Laid down on 23 October 2025 Thad Cochran
0%
Wickes Destroyer Decommissioned in 1922, recommissioned in 1939, transferred to the Royal Canadian Navy in 1940 and renamed HMCS Niagara, sold for scrap on 27 May 1946 Thatcher
0%
Fletcher Destroyer Sold for scrap on 23 January 1948 Thatcher
0%
Gearing Destroyer Sold for scrap on 30 December 1975 Theodore E. Chandler
0%
Fletcher Destroyer Currently perserved as a museum ship since 1977 The Sullivans
0%
Arleigh Burke Guided-missile destroyer Currently in active service since 19 April 1997 The Sullivans
0%
Allen M. Sumner / Robert H. Smith Destroyer minelayer Originally laid down as an Allen M. Sumner-class destroyer, completed as a Robert H. Smith-class destroyer minelayer, sold for scrap on 1 June 1974 Thomas E. Fraser
0%
Arleigh Burke Guided-missile destroyer Construction announced on 30 August 2024 Thomas G. Kelley
0%
Arleigh Burke Guided-missile destroyer Currently in active service since 1 December 2018 Thomas Hudner
0%
Gleaves Destroyer Sunk as a target ship on 22 August 1974 Thorn
0%
Spruance Guided-missile destroyer Sunk as a target ship on 22 July 2006 Thorn
0%
Clemson Destroyer Reclassified as a seaplane tender destroyer in 1940 under the designation AVD-11, beached following a collision with the tankers USS Ashtabula and USS Escalante, hull abandoned and donated in July 1957 Thornton
0%
Wickes Destroyer Decommissioned in 1922, recommissioned in 1930, decommissioned again in 1939, recommissioned again in 1940, transferred to the Royal Navy in the same year and renamed HMS Wells, sold for scrap on 24 July 1945 Tillman
0%
Gleaves Destroyer Sold for scrap on 8 May 1972 Tillman
0%
Gearing Destroyer Completed as an experimental destroyer under the designation EDD-828, reclassified as a miscellaneous auxiliary ship in 1954 under the designation AG-152, sold for scrap in 1959 Timmerman
0%
Gearing Destroyer Cancelled on 12 August 1945 Timmerman
0%
Clemson Destroyer Sold for scrap on 29 September 1936 Tingey
0%
Fletcher Destroyer Sunk as a target ship in May 1966 Tingey
0%
Allen M. Sumner / Robert H. Smith Destroyer minelayer Originally laid down as an Allen M. Sumner-class destroyer, completed as a Robert H. Smith-class destroyer minelayer, reclassified as a fast minelayer in 1969 under the designation MMD-28, sunk as a target ship on 25 January 1997 Tolman
0%
Clemson Destroyer Sold for scrap on 17 January 1931 Toucey
0%
Charles F. Adams Guided-missile destroyer Reclassified as a guided-missile destroyer in 1957 under the designation DDG-9, sunk as a target ship on 9 October 2002 Towers
0%
Clemson Destroyer Reclassified as a destroyer minelayer in 1937 under the designation DM-19, sold for scrap on 16 May 1946 Tracy
0%
Fletcher Destroyer Decommissioned in 1946, recommissioned in 1951, sold for scrap on 11 June 1972 Trathen
0%
Clemson Destroyer Reclassified as a high-speed minesweeper in 1940 under the designation DMS-16, sold for scrap on 12 November 1946 Trever
0%
Paulding Destroyer Transferred to the U.S. Coast Guard in 1924 under the designation CG-20, returned to the U.S. Navy in 1931, sold for scrap on 22 August 1934 Trippe
0%
Benham Destroyer Sunk as a target ship on 3 Febuary 1948 Trippe
0%
Gearing Destroyer Reclassified as a radar picket destroyer in 1949 under the designation DDR-834, sold for scrap on 13 October 1970 Tumer
0%
Forrest Sherman Destroyer Currently preserved as a museum ship since 10 April 1991 Turner Joy
0%
Wickes Destroyer Decommissioned in 1922, recommissioned in 1930, decommissioned again in 1937, recommissioned again in 1939, transferred to the Royal Navy in 1940 and renamed HMS Leamington, transferred again to the Royal Canadian Navy in 1942 under the same name, tranferred again to the Soviet Navy in 1944 and renamed Zhguchy, sold for scrap on 26 July 1951 Twiggs
0%
Fletcher Destroyer Sunk by Japanese naval aircraft on 16 June 1945 Twiggs
0%
Fletcher Destroyer Decommissioned in 1946, recommissioned in 1950, transferred to the Republic of China Navy in 1971 and renamed ROCS Kwei Yang, reclassified as a guided-missile destroyer in the mid-1980's under the designation DDG-908, sunk as a target ship in 1999 Twining
0%
Fletcher Destroyer Decommissioned in 1946, recommissioned in 1950, sold for scrap on 21 March 1974 Uhlmann
0%
Wickes Destroyer Decommissioned in 1922, recommissioned in 1930, decommissioned again in 1936, recommissioned again in 1939, reclassified as a miscellaneous auxiliary ship in 1945 under the designation AG-103, sold for scrap on 26 September 1947 Upshur
0%
Fletcher Destroyer Transferred to the Turkish Navy in 1973 and renamed TCG İzmir, sold for scrap in 1987 Van Valkenburgh
0%
Gearing Destroyer Sunk as a target ship on 14 April 1983 Vesole
0%
Gearing Destroyer Transferred to the Mexican Navy in 1982 and renamed ARM Quetzalcoatl, sunk as an artificial reef on 24 November 2006 Vogelgesang
0%
Charles F. Adams Guided-missile destroyer Sold to the Hellenic navy in 1992 and renamed HS Nearchos, sunk as a target ship on 29 May 2006 Waddell
0%
Fletcher Destroyer Transferred to the Chilean Navy in 1963 and renamed Blanco Encalada, sunk as a target ship on 28 September 1991 Wadleigh
0%
Tucker Destroyer Sold for scrap on 30 June 1936 Wadsworth
0%
Fletcher Destroyer Transferred to the West German Navy in 1959 and renamed Zerstörer 3, transferred again to the Hellenic Navy in 1980 and renamed Nearchos, sold for scrap in 1991 Wadsworth
0%
Tucker Destroyer Transferred to the U.S. Coast Guard in 1926 under the designation CG-24, returned to the U.S. Navy in 1934, sold for scrap on 22 August 1934 Wainwright
0%
Sims Destroyer Sunk as a target ship on 5 July 1948 Wainwright
0%
Allen M. Sumner Destroyer Transferred to the Colombian Navy in 1973 and renamed ARC Santander, sold for scrap in 1986 Waldron
0%
Allen M. Sumner Destroyer Transferred to the Republic of Korea Navy in 1973 and renamed ROKS Dae Gu, sold for scrap in 1994 Wallace L. Lind
0%
Fletcher Destroyer Reclassified as an escort destroyer in 1946 under the designation DDE-466, sunk as a target ship on 17 June 1970 Waller
0%
Wickes Destroyer Decommissioned in 1921, recommissioned in 1941, reclassified as a high-speed transport in 1943 under the designation APD-16, sunk by a kamikaze attack on 7 December 1944 Ward
0%
Paulding Destroyer Sold for scrap on 28 June 1935 Warrington
0%
Somers Destroyer Sunk by a storm on 13 September 1944 Warrington
0%
Gearing Destroyer Sold to the Republic of China Navy and cannibalized for spare parts on 24 April 1973 Warrington
0%
Clemson Destroyer Reclassified as a high-speed minesweeper in 1940 under the designation DMS-15, sunk by a storm on 29 December 1942 Wasmuth
0%
Fletcher Destroyer Cancelled on 7 January 1946 Watson
0%
Fletcher Destroyer Sold for scrap on 5 September 1974 Watts
0%
Arleigh Burke Guided-missile destroyer Currently in active service since 10 October 2009 Wayne E. Meyer
0%
Fletcher Destroyer Sold for scrap on 25 January 1972 Wedderburn
0%
Clemson Destroyer Decommissioned in 1922, recommissioned in 1928, transferred to the U.S. Coast Guard in 1931 under the designation CG-19, returned to the U.S. Navy in 1934, transferred again to the Royal Navy in 1940 and renamed HMS Chesterfield, sold for scrap in 1948 Welborn C. Wood
0%
Clemson Destroyer Transferred to the Royal Navy in 1940 and renamed HMS Cameron, damaged beyond repair by German aircraft in the same year, hulk sold for scrap in 1944 Welles
0%
Gleaves Destroyer Sold for scrap on 18 July 1969 Welles
0%
Truxtun Destroyer Reclassified as a merchant ship in 1920, scrapped in 1956 Whipple
0%
Clemson Destroyer Reclassified as a miscellaneous auxiliary ship in 1945 under the designation AG-117, sold for scrap on 30 September 1947 Whipple
0%
Fletcher Destroyer Sold for scrap on 2 April 1970 Wiley
0%
Sampson Destroyer Transferred to the U.S. Coast Guard in 1926 under the designation CG-25, returned to the U.S. Navy in 1934, sold for scrap on 22 August 1934 Wilkes
0%
Gleaves Destroyer Sold for scrap on 29 June 1972 Wilkes
0%
Mitscher Destroyer leader Sold for scrap on 13 June 1975 Wilkinson
0%
Allen M. Sumner Destroyer Transferred to the Colombian Navy in 1972 and renamed ARC Caldas, sold for scrap in 1977 Willard Keith
0%
Clemson Destroyer Reclassified as a seaplane tender destroyer in 1940 under the designation AVD-7, sold for scrap on 6 November 1946 William B. Preston
0%
Arleigh Burke Guided-missile destroyer Laid down on 29 August 2024 William Charette
0%
Gearing Destroyer Sunk as a target ship on 14 July 1999 William C. Lawe
0%
Gearing Destroyer Reclassified as a radar picket destroyer in 1952 under the designation DDR-715, sunk as a target ship in March 1983 William M. Wood
0%
Arleigh Burke Guided-missile destroyer Currently in active service since 4 June 2011 William P. Lawrence
0%
Gearing Destroyer Reclassified as a radar picket destroyer in 1952 under the designation DDR-714, transferred to the Republic of Korea Navy and renamed ROKS Gangwon in 1978, sold for scrap in December 2016 William R. Rush
0%
Clemson Destroyer Reclassified as a seaplane tender destroyer in 1940 under the designation AVD-2, sold for scrap on 30 October 1946 Williamson
0%
Farragut (1958) Guided-missile destroyer Reclassified as a guided-missile destroyer in 1975 under the designation DDG-44, sold for scrap on 14 September 1995 William V. Pratt
0%
Gearing Destroyer Transferred to the Pakistan Navy in 1977 and renamed PNS Tariq, renamed again to PNS Nazim in 1990, currently in active service as an on-sea headquarters Wiltsie
0%
O'Brien Destroyer Sold for scrap on 30 June 1936 Winslow
0%
Porter Destroyer Reclassified as a miscellaneous auxiliary ship in 1945 under the designation AG-127, sold for scrap on 23 February 1959 Winslow
0%
Arleigh Burke Guided-missile destroyer Currently in active service since 10 March 2001 Winston S. Churchill
0%
Gearing Destroyer Reclassified as an experimental destroyer in 1946 under the designation EDD-848, sunk as a target ship on 4 July 1969 Witek
0%
Clemson Destroyer Sold for scrap on 14 November 1930 Wood
0%
Clemson Destroyer Ran aground and wrecked on 8 September 1923, wreck sold for scrap on 25 September 1925 Woodbury
0%
Benson Destroyer Transferred to the Italian Navy in 1951 and renamed Artigliere, sunk as a target ship on 27 May 1983 Woodworth
0%
Wickes Destroyer Sunk by a collision with the merchant ship SS Steel Inventor on 21 February 1921 Woolsey
0%
Gleaves Destroyer Sold for scrap on 29 May 1974 Woolsey
0%
Truxtun Destroyer Reclassified as a merchant ship in 1920, scrapped in 1956 Worden
0%
Clemson Destroyer Sold for scrap on 17 January 1931 Worden
0%
Farragut (1934) Destroyer Ran aground and sunk by hull breach on 12 January 1943 Worden
0%
Fletcher Destroyer Sold for scrap on 22 October 1975 Wren
0%
Clemson Destroyer Sold for scrap on 25 February 1932 Yarborough
0%
Wickes Destroyer Decommissioned in 1922, recommissioned in 1930, decommissioned again in 1936, recommissioned again in 1939, transferred to the Royal Navy in 1940 and renamed HMS Lincoln, transferred again to the Royal Norwegian Navy in 1942 under the same name, transferred again to the Soviet Navy in 1944 and renamed Druzhny, sold for scrap on 23 August 1952 Yarnall
0%
Fletcher Destroyer Decommissioned in 1947, recommissioned in 1951, transferred to the Republic of China Navy in 1968 and renamed ROCS Kun Yang, reclassified as a guided-missile destroyer in the mid-1980's under the designation DDG-919, sunk as a target ship in 1999 Yarnall
0%
Clemson Destroyer Reclassified as a high-speed minesweeper in 1940 under the designation DMS-14, sold for scrap on 3 March 1947 Zane
0%
Clemson Destroyer Sold for scrap in 1930 Zeilin
0%
Allen M. Sumner Destroyer Transferred to the Iranian Navy in 1973 and renamed IRIS Babr, currently in non-operational service since 1994 and awaiting to be scrapped Zellars
0%
No matching quizzes found
Score Distribution
Percent of People with Each Score
Percentile by Number Answered
Your Score History
You have not taken this quiz